{"text_format":"2","workbook":"xlsx","n_sheets":11,"sheets":["Planilha","Cronograma","Para word 1","Para word 2","Cron barras","Resumo interceptor","Interceptor(mão-de-obra)","Interceptor (materiais)","CPU","BDI-Serviços","BDI-Fornecimento"],"not_rendered":{"charts":0,"images":1,"macros":0,"external_links":0,"defined_names":12,"comments":1,"pivot_tables":0},"unopened":[],"bounds":{"document_bytes":16777216,"sheet_cells":100000,"run_cost":"one","rows_first":2000,"rows_last":500,"rows_between":2000,"halvings":0,"cell_chars":16384,"cell_head_chars":4096},"cells_cut":0,"cells_raw":0,"read":"whole","date_system":"1900"}

{"sheet":"Planilha","index":0,"n_rows":47,"n_cols":13,"rows_kept":47,"cut":false,"hidden":false,"merged":[[10,12,10,20],[6,6,6,7],[8,1,8,9],[6,1,7,1],[34,8,35,8],[34,1,35,7],[34,9,35,9],[21,3,21,6],[28,3,28,7],[0,3,0,9],[2,3,2,9],[1,3,1,9],[3,2,3,3],[6,8,6,9],[6,3,7,3],[6,2,7,2],[6,4,7,4],[6,5,7,5],[4,1,4,3],[5,1,5,3]]}
[null,null,null,"                      Ministério da Integração Nacional"]
[null,null,null,"                            Companhia de Desenvolvimento dos Vales do São Francisco e do Parnaíba   "]
[null,null,null,"                            1ª Superintendência Regional da CODEVASF - 1ª SR"]
[null,"LOCAL: ","PASSAGEM MOLHADA RIO SÃO LAMRBEERTO - COMUNIDADE ABÓBORAS",{"$nulls":6},"OUTUBRO / 2017"]
[null,"DATA BASE: SINAPI SETEMBRO/2017\n                          SETOP JULHO/2017"]
[null,"PRAZO DE EXECUÇÃO: 180 dias "]
[null,"ITEM","FONTE","DISCRIMINAÇÃO","UNID.","QUANT.","PREÇO UNIT. (R$)",null,"PREÇO TOTAL (R$)",null,{"$f":"'BDI-Serviços'!D33","v":27.56},{"$f":"'BDI-Fornecimento'!D34","v":16.89}]
[{"$nulls":6},"S/ BDI","C/ BDI","S/ BDI","C/ BDI"]
[null,"OBRAS CIVIS - EDIFICAÇÕES"]
[null,1,"SINAPI /SETOP","SERVIÇOS PRELIMINARES ","BDI =",{"$f":"K7","v":27.56},null,null,{"$f":"SUM(I11:I14)","v":5204.4500000000007},{"$f":"SUM(J11:J14)","v":6638.4400000000005}]
[null,"1.1","CPU","MOBILIZAÇÃO/DESMOBILIZAÇÃO DE EQUIPAMENTOS E PESSOAL","gl",1,2100,{"$f":"ROUND(($K$7/100+1)*G11,2)","v":2678.76},{"$f":"ROUND(G11*F11,2)","v":2100},{"$f":"ROUND(H11*F11,2)","v":2678.76},null,null,"                                                          1ª Superintendência Regional da CODEVASF - 1ª SR"]
[null,"1.2","CPU","ADMINISTRAÇÃO LOCAL","mês",1,2000,{"$f":"ROUND(($K$7/100+1)*G12,2)","v":2551.1999999999998},{"$f":"ROUND(G12*F12,2)","v":2000},{"$f":"ROUND(H12*F12,2)","v":2551.1999999999998}]
[null,"1.3","74077/003","LOCACAO CONVENCIONAL DE OBRA, ATRAVÉS DE GABARITO DE TABUAS CORRIDAS PONTALETADAS, COM REAPROVEITAMENTO DE 3 VEZES.","m²",128,5.09,{"$f":"ROUND(($K$7/100+1)*G13,2)","v":6.49},{"$f":"ROUND(G13*F13,2)","v":651.52},{"$f":"ROUND(H13*F13,2)","v":830.72}]
[null,"1.4","74209/001","PLACA DE OBRA EM CHAPA DE ACO GALVANIZADO","m²",1.5,301.95,{"$f":"ROUND(($K$7/100+1)*G14,2)","v":385.17},{"$f":"ROUND(G14*F14,2)","v":452.93},{"$f":"ROUND(H14*F14,2)","v":577.76},null,null,{"$f":"1.5*3","v":4.5}]
[null,2,"SINAPI /SETOP","ESCAVAÇÃO E REATERRO",{"$nulls":4},{"$f":"SUM(I16:I17)","v":793.54},{"$f":"SUM(J16:J17)","v":1012.19}]
[null,"2.1","TER-ESC-035","ESCAVAÇÃO MANUAL DE VALAS H <= 1,50 M","M³",3.2,46.38,{"$f":"ROUND(($K$7/100+1)*G16,2)","v":59.16},{"$f":"ROUND(G16*F16,2)","v":148.41999999999999},{"$f":"ROUND(H16*F16,2)","v":189.31}]
[null,"2.2","73964/006","REATERRO DE VALA COM COMPACTAÇÃO MANUAL","M³",16,40.32,{"$f":"ROUND(($K$7/100+1)*G17,2)","v":51.43},{"$f":"ROUND(G17*F17,2)","v":645.12},{"$f":"ROUND(H17*F17,2)","v":822.88}]
[null,3,"SINAPI /SETOP","ANCORAGEM","BDI =",{"$f":"K7","v":27.56},null,null,{"$f":"SUM(I19:I21)","v":3770.08},{"$f":"SUM(J19:J21)","v":4808.49}]
[null,"3.1","MERCADO","FUROS EM ROCHA H=1M","Unid.",43,50,{"$f":"ROUND(($K$7/100+1)*G19,2)","v":63.78},{"$f":"ROUND(G19*F19,2)","v":2150},{"$f":"ROUND(H19*F19,2)","v":2742.54},null,{"$f":"4*0.2*1*4","v":3.2}]
[null,"3.2","EST-ANC-005","ANCORAGEM DE BARRAS DE AÇO , COM RESINA BASE DE POLIÉSTER","DM3",21.11,51.36,{"$f":"ROUND(($K$7/100+1)*G20,2)","v":65.510000000000005},{"$f":"ROUND(G20*F20,2)","v":1084.21},{"$f":"ROUND(H20*F20,2)","v":1382.92},null,{"$f":"5*4*0.4*2","v":16}]
[null,"3.3",92797,"CORTE E DOBRA DE AÇO CA-50, DIÂMETRO DE 20,0 MM, UTILIZADO EM ESTRUTURAS DIVERSAS, EXCETO LAJES. AF_12/2015","KG",159.96,3.35,4.2699999999999996,535.87,683.03]
[null,4,"SINAPI /SETOP","ESTRUTURA Concreto/forma",{"$nulls":4},{"$f":"SUM(I23:I25)","v":48091.789999999994},{"$f":"SUM(J23:J25)","v":61345.599999999999},null,{"$f":"F24+#REF!+#REF!","v":{"$error":"#REF!"}}]
[null,"4.1",92726,"CONCRETAGEM DE VIGAS E LAJES, FCK=20 MPA, PARA LAJES MACIÇAS OU NERVURADAS COM USO DE BOMBA EM EDIFICAÇÃO COM ÁREA MÉDIA DE LAJES MAIOR QUE 20 M² - LANÇAMENTO, ADENSAMENTO E ACABAMENTO. AF_12/2015 (lage de regularização)","M³",38.799999999999997,313.76,{"$f":"ROUND(($K$7/100+1)*G23,2)","v":400.23},{"$f":"ROUND(G23*F23,2)","v":12173.89},{"$f":"ROUND(H23*F23,2)","v":15528.92}]
[null,"4.2","EST-FOR-010","FORMA E DESFORMA DE COMPENSADO RESINADO ESPESSURA 10 MM, EXCLUSIVE ESCORAMENTO (3X) (laje de regularização)","M2",146.4,66.59,84.94,9748.7800000000007,12435.22,null,null,{"$f":"F23+#REF!+#REF!","v":{"$error":"#REF!"}}]
[null,"4.3","FUN-CON-005","CONCRETO CICLÓPICO 1:4:8 COM 30% DE PEDRA DE MÃO","M3",98.61,265.38,338.52,26169.119999999999,33381.46,null,null,{"$f":"J29/374.7","v":19.32906325060048}]
[null,5,"SINAPI /SETOP","ESTRUTURA Aço","BDI =",27.57,null,null,{"$f":"SUM(I27:I28)","v":11791.12},{"$f":"SUM(J27:J28)","v":15039.939999999999}]
[null,"5.1","ARM-AÇO-005","CORTE, DOBRA E ARMAÇÃO DE AÇO CA-50 D <= 12,5 MM","KG",1541.11,7.33,{"$f":"ROUND(($K$7/100+1)*G27,2)","v":9.35},{"$f":"ROUND(G27*F27,2)","v":11296.34},{"$f":"ROUND(H27*F27,2)","v":14409.38}]
[null,"5.2",95445,"CORTE E DOBRA DE AÇO CA-60, DIÂMETRO DE 5,0 MM, UTILIZADO EM ESTRIBO CONTÍNUO HELICOIDAL. AF_10/2016","KG",130.55000000000001,3.79,4.83,{"$f":"ROUND(G28*F28,2)","v":494.78},{"$f":"ROUND(H28*F28,2)","v":630.55999999999995}]
[null,6,"SINAPI /SETOP","MANILHAS",{"$nulls":4},{"$f":"SUM(I30:I30)","v":5677.8},{"$f":"SUM(J30:J30)","v":7242.6}]
[null,"6.1",92216,"TUBO DE CONCRETO PARA REDES COLETORAS DE ÁGUAS PLUVIAIS, DIÂMETRO DE 1000 MM, JUNTA RÍGIDA, INSTALADO EM LOCAL COM BAIXO NÍVEL DE INTERFERÊNCIAS - FORNECIMENTO E ASSENTAMENTO. AF_12/2015","M",{"$f":"5*4","v":20},283.89,{"$f":"ROUND(($K$7/100+1)*G30,2)","v":362.13},{"$f":"ROUND(G30*F30,2)","v":5677.8},{"$f":"ROUND(H30*F30,2)","v":7242.6},null,{"$f":"112000/374.7","v":298.90579129970644},{"$f":"10*25","v":250}]
[null,7,"SINAPI /SETOP","ESTRUTURA Ombreiras","BDI =",27.57,null,null,{"$f":"SUM(I32:I34)","v":4329.1799999999994},{"$f":"SUM(J32:J34)","v":5522.38}]
[null,"7.1","EST-FOR-010","FORMA E DESFORMA DE COMPENSADO RESINADO ESPESSURA 10 MM, EXCLUSIVE ESCORAMENTO (3X)","M²",{"$f":"4*3*2*1.2","v":28.799999999999997},66.59,{"$f":"ROUND(($K$7/100+1)*G32,2)","v":84.94},{"$f":"ROUND(G32*F32,2)","v":1917.79},{"$f":"ROUND(H32*F32,2)","v":2446.27}]
[null,"7.2",92726,"CONCRETAGEM DE VIGAS E LAJES, FCK=20 MPA, PARA LAJES MACIÇAS OU NERVURADAS COM USO DE BOMBA EM EDIFICAÇÃO COM ÁREA MÉDIA DE LAJES MAIOR QUE 20 M² - LANÇAMENTO, ADENSAMENTO E ACABAMENTO. AF_12/2015 (laje de piso)","M3",3.2,313.76,{"$f":"ROUND(($K$7/100+1)*G33,2)","v":400.23},{"$f":"ROUND(G33*F33,2)","v":1004.03},{"$f":"ROUND(H33*F33,2)","v":1280.74}]
[null,"7.3","ARM-AÇO-005","CORTE, DOBRA E ARMAÇÃO DE AÇO CA-50 D <= 12,5 MM","Kg",{"$f":"+F33*60","v":192},7.33,{"$f":"G34+(G34*0.2757)","v":9.3508810000000011},1407.36,1795.37]
[null,"TOTAL GERAL ",{"$nulls":6},{"$f":"I10+I15+I18+I22+I26+I29+I31","v":79657.959999999992},{"$f":"J10+J15+J18+J22+J26+J29+J31","v":101609.64000000001},48320]
[{"$nulls":10},39457]
[]
[]
[]
[]
[]
[]
[{"$nulls":10},{"$f":"J35-J10","v":94971.200000000012}]
[{"$nulls":10},{"$f":"K43+J14","v":95548.96}]
[{"$nulls":10},{"$f":"K44*0.05","v":4777.4480000000003}]
[]
[{"$nulls":5},{"$f":"J35","v":101609.64000000001},null,{"$f":"F47*0.05","v":5080.4820000000009}]

{"sheet":"Cronograma","index":1,"n_rows":30,"n_cols":12,"rows_kept":30,"cut":false,"hidden":false,"merged":[[17,0,18,0],[28,0,31,9],[19,0,20,1],[15,0,16,0],[17,1,18,1],[21,11,21,14],[22,7,27,9],[23,1,23,2],[23,4,23,5],[24,1,24,2],[24,4,24,5],[26,1,26,3],[27,1,27,3],[9,0,10,0],[9,1,10,1],[15,1,16,1],[13,1,14,1],[13,0,14,0],[11,0,12,0],[11,1,12,1],[7,0,8,0],[7,1,8,1],[0,0,0,9],[1,0,1,1],[1,2,1,3],[1,4,1,6],[1,7,1,9],[2,0,3,1],[2,2,3,6],[2,7,3,9],[5,0,6,0],[5,1,6,1]]}
["CRONOGRAMA FÍSISCO-FINANCEIRO"]
["CODEVASF",null,"VALOR DO CONVENIO:",null,{"$f":"Planilha!J35","v":101609.64000000001},null,null,"DATA: OUTUBRO/2017"]
[null,null,{"$f":"Planilha!C4","v":"PASSAGEM MOLHADA RIO SÃO LAMRBEERTO - COMUNIDADE ABÓBORAS"},{"$nulls":4},"PRAZO: 180 DIAS"]
[]
["ITEM","ETAPAS/DESCRIÇAO","FISICO/  FINANCEIRO","TOTAL    ETAPAS","MÊS 1","MÊS 2","MÊS 3","MÊS 4","MÊS 5","MÊS 6"]
[1,{"$f":"Planilha!D10","v":"SERVIÇOS PRELIMINARES "},"FISICO ",{"$f":"D7/$E$2","v":6.5332777480561877E-2},0.5,0.25,0.25,{"$nulls":4},{"$f":"J6+I6+H6+G6+F6+E6","v":1}]
[null,null,"FINANCEIRO",{"$f":"Planilha!J10","v":6638.4400000000005},{"$f":"$D$7*E6","v":3319.2200000000003},{"$f":"$D$7*F6","v":1659.6100000000001},1659.6100000000001,{"$nulls":4},{"$f":"J7+I7+H7+G7+F7+E7","v":6638.4400000000005}]
[2,{"$f":"Planilha!D15","v":"ESCAVAÇÃO E REATERRO"},"FISICO ",{"$f":"D9/$E$2","v":9.9615548288528519E-3},0,0.75,0.25,{"$nulls":4},{"$f":"J8+I8+H8+G8+F8+E8","v":1}]
[null,null,"FINANCEIRO",{"$f":"Planilha!J15","v":1012.19},{"$f":"$D$9*E8","v":0},{"$f":"$D$9*F8","v":759.14250000000004},253.04750000000001,{"$nulls":4},1012.19]
[3,{"$f":"Planilha!D18","v":"ANCORAGEM"},"FISICO ",{"$f":"D11/$E$2","v":4.7323167368765393E-2},1,0,0,{"$nulls":4},1]
[null,null,"FINANCEIRO",{"$f":"Planilha!J18","v":4808.49},{"$f":"$D$11*E10","v":4808.49},{"$f":"$D$11*F10","v":0},{"$f":"$D$11*G10","v":0},{"$nulls":4},4808.49]
[4,{"$f":"Planilha!D22","v":"ESTRUTURA Concreto/forma"},"FISICO ",{"$f":"D13/$E$2","v":0.60373799178896792},0.25,0.5,0.25,{"$nulls":4},1]
[null,null,"FINANCEIRO",{"$f":"Planilha!J22","v":61345.599999999999},{"$f":"$D$13*E12","v":15336.4},{"$f":"$D$13*F12","v":30672.799999999999},15336.4,{"$nulls":4},61345.599999999999]
[5,{"$f":"Planilha!D26","v":"ESTRUTURA Aço"},"FISICO ",{"$f":"D15/$E$2","v":0.14801686139228518},0.25,0.5,0.25,{"$nulls":4},{"$f":"SUM(E14:J14)","v":1}]
[null,null,"FINANCEIRO",{"$f":"Planilha!J26","v":15039.939999999999},{"$f":"$D$15*E14","v":3759.9849999999997},{"$f":"$D$15*F14","v":7519.9699999999993},{"$f":"$D$15*G14","v":3759.9849999999997},{"$nulls":4},{"$f":"SUM(E15:K15)","v":15039.939999999999}]
[6,{"$f":"Planilha!D29","v":"MANILHAS"},"FISICO ",{"$f":"D17/$E$2","v":7.127867001595517E-2},0,1,0,{"$nulls":4},1]
[null,null,"FINANCEIRO",{"$f":"Planilha!J29","v":7242.6},{"$f":"$D$17*E16","v":0},{"$f":"$D$17*F16","v":7242.6},0,{"$nulls":4},7242.6]
[7,{"$f":"Planilha!D31","v":"ESTRUTURA Ombreiras"},"FISICO ",{"$f":"D19/$E$2","v":5.4348977124611397E-2},0,0.5,0.5,{"$nulls":4},1]
[null,null,"FINANCEIRO",{"$f":"Planilha!J31","v":5522.38},{"$f":"$D$19*E18","v":0},{"$f":"$D$19*F18","v":2761.19},2761.19,{"$nulls":4},5522.38]
["TOTAL",null,"FISICO ",{"$f":"D21/$E$2","v":0.99999999999999989},{"$f":"E21/$E$2","v":0.26792826940435965},{"$f":"F21/$E$2","v":0.49813494566066757},0.23393678493497266,{"$nulls":4},0.99999999999999989]
[null,null,"FINANCEIRO",{"$f":"D19+D17+D15+D13+D11+D7+D9","v":101609.64},{"$f":"E19+E17+E15+E13+E11+E7","v":27224.095000000001},{"$f":"F19+F17+F15+F13+F11+F7+F9","v":50615.3125},{"$f":"G19+G17+G15+G13+G11+G7+G9","v":23770.232499999998},{"$nulls":4},101609.64]
[]
[{"$nulls":7},"OBSERVAÇÕES:"]
[]
[null,"ENG:",null,null,"CREA"]
[]
[]
[null,"PREF:"]
["CRONOGRAMA GERADO AUTOMATICAMENTE COM A PLANILHA"]
[{"$nulls":11},"  "]

{"sheet":"Para word 1","index":2,"n_rows":42,"n_cols":8,"rows_kept":42,"cut":false,"hidden":true,"merged":[]}
[]
[]
[null,"Meta","1º mês","2º mês","3º mês","4º mês","5º mês","6º mês"]
[null,1]
[null,2,{"$nulls":4},444984.96]
[null,"Total",{"$f":"IF(SUM(C4:C5)=0,\"\",SUM(C4:C5))","v":""},"","","",444984.96,""]
[]
[null,"Meta","7º mês","8º mês","9º mês","10º mês","11º mês","12º mês"]
[null,1,null,null,59132.92]
[null,2,null,null,613656.59]
[null,"Total",{"$f":"IF(SUM(C9:C10)=0,\"\",SUM(C9:C10))","v":""},"",672789.51,"","",""]
[]
[null,"Meta","13º mês","14º mês","15º mês","16º mês","17º mês","18º mês"]
[null,1,205795.67]
[null,2,1035623.42,null,null,null,101766.97]
[null,"Total",{"$f":"IF(SUM(C14:C15)=0,\"\",SUM(C14:C15))","v":1241419.0900000001},"","","",101766.97,""]
[]
[null,"Meta","19º mês","20º mês","21º mês","22º mês"]
[null,1]
[null,2,null,null,39039.47]
[null,"Total",{"$f":"IF(SUM(C19:C20)=0,\"\",SUM(C19:C20))","v":""},"",39039.47,"","",""]
[]
[]
[null,"Meta","1º mês","2º mês","3º mês","4º mês","5º mês","6º mês"]
[null,1]
[null,2]
[null,"Total",{"$f":"IF(SUM(C25:C26)=0,\"\",SUM(C25:C26))","v":""},"","","","",""]
[]
[null,"Meta","7º mês","8º mês","9º mês","10º mês","11º mês","12º mês"]
[null,1,null,null,null,76681.17]
[null,2,null,null,null,190992.63]
[null,"Total",{"$f":"IF(SUM(C30:C31)=0,\"\",SUM(C30:C31))","v":""},"","",267673.8,"",""]
[]
[null,"Meta","13º mês","14º mês","15º mês","16º mês","17º mês","18º mês"]
[null,1,54884.37]
[null,2,387986.12,null,null,null,31805.68]
[null,"Total",{"$f":"IF(SUM(C35:C36)=0,\"\",SUM(C35:C36))","v":442870.49},"","","",31805.68,""]
[]
[null,"Meta","19º mês","20º mês","21º mês","22º mês"]
[null,1]
[null,2,null,null,12201.17]
[null,"Total",{"$f":"IF(SUM(C40:C41)=0,\"\",SUM(C40:C41))","v":""},"",12201.17,"","",""]

{"sheet":"Para word 2","index":3,"n_rows":68,"n_cols":15,"rows_kept":68,"cut":false,"hidden":true,"merged":[[0,3,0,4],[0,5,0,6]]}
["Meta","Etapa","Especificação","Indicador Físico",null,"Duração"]
[null,"Fase",null,"Unidade","Quant","Início após liberação dos recursos","Término após liberação dos recursos"]
[1,1,"Construção do interceptor do córrego Caeté",{"$nulls":7},5,{"$f":"K3+4","v":9},{"$f":"L3+4","v":13},{"$f":"M3+4","v":17},{"$f":"N3+4","v":21}]
[null,"1.1","Serviços preliminares","GL",1,{"$f":"IF((H4-J4)*30=0,1,(H4-J4)*30)","v":30},{"$f":"(I4-J4)*30+30","v":90},10,11,{"$f":"SUM(K4:P4)","v":9},{"$f":"IF(K$3>$H4,0,IF(K$3<=$H4-3,0,K$3))","v":0},9,0,0,0]
[null,"1.2","Movimento de terra","GL",1,{"$f":"IF((H5-J5)*30=0,1,(H5-J5)*30)","v":60},{"$f":"(I5-J5)*30+30","v":120},11,12,{"$f":"SUM(K5:P5)","v":9},0,9,0,0,0]
[null,"1.3","Estrutura de concreto e escoramento","GL",1,{"$f":"IF((H6-J6)*30=0,1,(H6-J6)*30)","v":360},{"$f":"(I6-J6)*30+30","v":450},12,14,{"$f":"SUM(K6:P6)","v":0},0,0,0,0,0]
[null,"1.4","Materiais e equipamentos hidráulicos e serviços diversos","GL",1,{"$f":"IF((H7-J7)*30=0,1,(H7-J7)*30)","v":30},{"$f":"(I7-J7)*30+30","v":120},14,16,{"$f":"SUM(K7:P7)","v":13},0,0,13,0,0]
[]
[2,null,"Construção da ETE"]
[null,"2.1","Instalações preliminares","GL",1,{"$f":"IF((H10-J10)*30=0,1,(H10-J10)*30)","v":1},{"$f":"(I10-J10)*30+30","v":30},5,{"$f":"H10","v":5},{"$f":"SUM(K10:P10)","v":5},{"$f":"IF(K$3>$H10,0,IF(K$3<=$H10-3,0,K$3))","v":5},{"$f":"IF(L$3>$H10,0,IF(L$3<=$H10-3,0,L$3))","v":0},{"$f":"IF(M$3>$H10,0,IF(M$3<=$H10-3,0,M$3))","v":0},{"$f":"IF(N$3>$H10,0,IF(N$3<=$H10-3,0,N$3))","v":0},{"$f":"IF(O$3>$H10,0,IF(O$3<=$H10-3,0,O$3))","v":0}]
[]
[null,"2.2","Drenagem"]
[null,"2.2.1","Serviços preliminares","GL",1,{"$f":"IF((H13-J13)*30=0,1,(H13-J13)*30)","v":1},{"$f":"(I13-J13)*30+30","v":30},5,5,{"$f":"SUM(K13:P13)","v":5},{"$f":"IF(K$3>$H13,0,IF(K$3<=$H13-3,0,K$3))","v":5},0,0,0,0]
[null,"2.2.2","Movimento de terra","GL",1,{"$f":"IF((H14-J14)*30=0,1,(H14-J14)*30)","v":1},{"$f":"(I14-J14)*30+30","v":60},5,6,{"$f":"SUM(K14:P14)","v":5},5,0,0,0,0]
[null,"2.2.3","Tubulação e caixas","GL",1,{"$f":"IF((H15-J15)*30=0,1,(H15-J15)*30)","v":30},{"$f":"(I15-J15)*30+30","v":60},6,6,{"$f":"SUM(K15:P15)","v":5},5,0,0,0,0]
[]
[null,"2.3","Terraplenagem"]
[null,"2.3.1","Serviços preliminares","GL",1,{"$f":"IF((H18-J18)*30=0,1,(H18-J18)*30)","v":30},{"$f":"(I18-J18)*30+30","v":60},6,{"$f":"H18","v":6},{"$f":"SUM(K18:P18)","v":5},{"$f":"IF(K$3>$H18,0,IF(K$3<=$H18-3,0,K$3))","v":5},0,0,0,0]
[null,"2.3.2","Aterros e cortes","GL",1,{"$f":"IF((H19-J19)*30=0,1,(H19-J19)*30)","v":30},{"$f":"(I19-J19)*30+30","v":90},6,7,{"$f":"SUM(K19:P19)","v":5},5,0,0,0,0]
[]
[null,"2.4","Estação elevatória"]
[null,"2.4.1","Serviços preliminares","GL",1,{"$f":"IF((H22-J22)*30=0,1,(H22-J22)*30)","v":60},{"$f":"(I22-J22)*30+30","v":90},7,{"$f":"H22","v":7},{"$f":"SUM(K22:P22)","v":5},{"$f":"IF(K$3>$H22,0,IF(K$3<=$H22-3,0,K$3))","v":5},0,0,0,0]
[null,"2.4.2","Movimento de terra","GL",1,{"$f":"IF((H23-J23)*30=0,1,(H23-J23)*30)","v":60},{"$f":"(I23-J23)*30+30","v":180},7,10,{"$f":"SUM(K23:P23)","v":5},5,0,0,0,0]
[null,"2.4.3","Estruturas de concreto","GL",1,{"$f":"IF((H24-J24)*30=0,1,(H24-J24)*30)","v":240},{"$f":"(I24-J24)*30+30","v":330},8,10,{"$f":"SUM(K24:P24)","v":0},0,0,0,0,0]
[null,"2.4.4","Materiais e equipamentos","GL",1,{"$f":"IF((H25-J25)*30=0,1,(H25-J25)*30)","v":30},{"$f":"(I25-J25)*30+30","v":90},10,11,{"$f":"SUM(K25:P25)","v":9},0,9,0,0,0]
[null,"2.4.5","Serviços diversos","GL",1,{"$f":"IF((H26-J26)*30=0,1,(H26-J26)*30)","v":60},{"$f":"(I26-J26)*30+30","v":90},11,{"$f":"H26","v":11},{"$f":"SUM(K26:P26)","v":9},0,9,0,0,0]
[]
[null,"2.5","Tratamento preliminar"]
[null,"2.5.1","Serviços preliminares","GL",1,{"$f":"IF((H29-J29)*30=0,1,(H29-J29)*30)","v":1},{"$f":"(I29-J29)*30+30","v":30},9,{"$f":"H29","v":9},{"$f":"SUM(K29:P29)","v":9},{"$f":"IF(K$3>$H29,0,IF(K$3<=$H29-3,0,K$3))","v":0},9,0,0,0]
[null,"2.5.2","Fundações profundas","GL",1,{"$f":"IF((H30-J30)*30=0,1,(H30-J30)*30)","v":1},{"$f":"(I30-J30)*30+30","v":60},9,10,{"$f":"SUM(K30:P30)","v":9},0,9,0,0,0]
[null,"2.5.3","Estruturas de concreto","GL",1,{"$f":"IF((H31-J31)*30=0,1,(H31-J31)*30)","v":30},{"$f":"(I31-J31)*30+30","v":120},10,12,{"$f":"SUM(K31:P31)","v":9},0,9,0,0,0]
[null,"2.5.4","Materiais, equipamentos e serviços diversos","GL",1,{"$f":"IF((H32-J32)*30=0,1,(H32-J32)*30)","v":360},{"$f":"(I32-J32)*30+30","v":420},12,13,{"$f":"SUM(K32:P32)","v":0},0,0,0,0,0]
[]
[null,"2.6","UASB"]
[null,"2.6.1","Serviços preliminares","GL",1,{"$f":"IF((H35-J35)*30=0,1,(H35-J35)*30)","v":60},{"$f":"(I35-J35)*30+30","v":90},11,{"$f":"H35","v":11},{"$f":"SUM(K35:P35)","v":9},{"$f":"IF(K$3>$H35,0,IF(K$3<=$H35-3,0,K$3))","v":0},9,0,0,0]
[null,"2.6.2","Fundações profundas","GL",1,{"$f":"IF((H36-J36)*30=0,1,(H36-J36)*30)","v":60},{"$f":"(I36-J36)*30+30","v":120},11,12,{"$f":"SUM(K36:P36)","v":9},0,9,0,0,0]
[null,"2.6.3","Estruturas de concreto","GL",1,{"$f":"IF((H37-J37)*30=0,1,(H37-J37)*30)","v":360},{"$f":"(I37-J37)*30+30","v":450},12,14,{"$f":"SUM(K37:P37)","v":0},0,0,0,0,0]
[null,"2.6.4","Materiais e equipamentos","GL",1,{"$f":"IF((H38-J38)*30=0,1,(H38-J38)*30)","v":30},{"$f":"(I38-J38)*30+30","v":90},14,15,{"$f":"SUM(K38:P38)","v":13},0,0,13,0,0]
[null,"2.6.5","Serviços diversos","GL",1,{"$f":"IF((H39-J39)*30=0,1,(H39-J39)*30)","v":480},{"$f":"(I39-J39)*30+30","v":510},16,{"$f":"H39","v":16},{"$f":"SUM(K39:P39)","v":0},0,0,0,0,0]
[]
[null,"2.7","Leitos de secagem"]
[null,"2.7.1","Serviços preliminares","GL",1,{"$f":"IF((H42-J42)*30=0,1,(H42-J42)*30)","v":30},{"$f":"(I42-J42)*30+30","v":60},14,{"$f":"H42","v":14},{"$f":"SUM(K42:P42)","v":13},{"$f":"IF(K$3>$H42,0,IF(K$3<=$H42-3,0,K$3))","v":0},0,13,0,0]
[null,"2.7.2","Estruturas de concreto","GL",1,{"$f":"IF((H43-J43)*30=0,1,(H43-J43)*30)","v":30},{"$f":"(I43-J43)*30+30","v":120},14,16,{"$f":"SUM(K43:P43)","v":13},0,0,13,0,0]
[null,"2.7.3","Leito filtrante","GL",1,{"$f":"IF((H44-J44)*30=0,1,(H44-J44)*30)","v":480},{"$f":"(I44-J44)*30+30","v":510},16,{"$f":"H44","v":16},{"$f":"SUM(K44:P44)","v":0},0,0,0,0,0]
[]
[null,"2.8","Interligação geral"]
[null,"2.8.1","Movimento de terra","GL",1,{"$f":"IF((H47-J47)*30=0,1,(H47-J47)*30)","v":480},{"$f":"(I47-J47)*30+30","v":540},16,17,{"$f":"SUM(K47:P47)","v":0},{"$f":"IF(K$3>$H47,0,IF(K$3<=$H47-3,0,K$3))","v":0},0,0,0,0]
[null,"2.8.2","Materiais e equipamentos","GL",1,{"$f":"IF((H48-J48)*30=0,1,(H48-J48)*30)","v":480},{"$f":"(I48-J48)*30+30","v":540},16,17,{"$f":"SUM(K48:P48)","v":0},0,0,0,0,0]
[]
[null,"2.9","Ligação do interceptor"]
[null,"2.9.1","Serviços preliminares","GL",1,{"$f":"IF((H51-J51)*30=0,1,(H51-J51)*30)","v":60},{"$f":"(I51-J51)*30+30","v":90},15,{"$f":"H51","v":15},{"$f":"SUM(K51:P51)","v":13},{"$f":"IF(K$3>$H51,0,IF(K$3<=$H51-3,0,K$3))","v":0},0,13,0,0]
[null,"2.9.2","Movimento de terra","GL",1,{"$f":"IF((H52-J52)*30=0,1,(H52-J52)*30)","v":60},{"$f":"(I52-J52)*30+30","v":150},15,17,{"$f":"SUM(K52:P52)","v":13},0,0,13,0,0]
[null,"2.9.3","Estruturas de concreto","GL",1,{"$f":"IF((H53-J53)*30=0,1,(H53-J53)*30)","v":480},{"$f":"(I53-J53)*30+30","v":540},16,17,{"$f":"SUM(K53:P53)","v":0},0,0,0,0,0]
[null,"2.9.4","Materiais e equipamentos","GL",1,{"$f":"IF((H54-J54)*30=0,1,(H54-J54)*30)","v":480},{"$f":"(I54-J54)*30+30","v":540},16,17,{"$f":"SUM(K54:P54)","v":0},0,0,0,0,0]
[]
[null,"2.10","Casa de operação"]
[null,"2.10.1","Serviços preliminares","GL",1,{"$f":"IF((H57-J57)*30=0,1,(H57-J57)*30)","v":1},{"$f":"(I57-J57)*30+30","v":30},17,{"$f":"H57","v":17},{"$f":"SUM(K57:P57)","v":17},{"$f":"IF(K$3>$H57,0,IF(K$3<=$H57-3,0,K$3))","v":0},0,0,17,0]
[null,"2.10.2","Fundações","GL",1,{"$f":"IF((H58-J58)*30=0,1,(H58-J58)*30)","v":1},{"$f":"(I58-J58)*30+30","v":30},17,{"$f":"H58","v":17},{"$f":"SUM(K58:P58)","v":17},0,0,0,17,0]
[null,"2.10.3","Estruturas e alvenaria","GL",1,{"$f":"IF((H59-J59)*30=0,1,(H59-J59)*30)","v":30},{"$f":"(I59-J59)*30+30","v":90},18,19,{"$f":"SUM(K59:P59)","v":17},0,0,0,17,0]
[null,"2.10.4","Instalações e acabamentos","GL",1,{"$f":"IF((H60-J60)*30=0,1,(H60-J60)*30)","v":600},{"$f":"(I60-J60)*30+30","v":630},20,{"$f":"H60","v":20},{"$f":"SUM(K60:P60)","v":0},0,0,0,0,0]
[]
[null,"2.11","Lançamentos de esgotos"]
[null,"2.11.1","Serviços preliminares","GL",1,{"$f":"IF((H63-J63)*30=0,1,(H63-J63)*30)","v":600},{"$f":"(I63-J63)*30+30","v":630},20,{"$f":"H63","v":20},{"$f":"SUM(K63:P63)","v":0},{"$f":"IF(K$3>$H63,0,IF(K$3<=$H63-3,0,K$3))","v":0},0,0,0,0]
[null,"2.11.2","Movimento de terra","GL",1,{"$f":"IF((H64-J64)*30=0,1,(H64-J64)*30)","v":600},{"$f":"(I64-J64)*30+30","v":660},20,21,{"$f":"SUM(K64:P64)","v":0},0,0,0,0,0]
[null,"2.11.3","Estruturas de concreto","GL",1,{"$f":"IF((H65-J65)*30=0,1,(H65-J65)*30)","v":600},{"$f":"(I65-J65)*30+30","v":660},20,21,{"$f":"SUM(K65:P65)","v":0},0,0,0,0,0]
[null,"2.11.4","Materiais e equipamentos","GL",1,{"$f":"IF((H66-J66)*30=0,1,(H66-J66)*30)","v":600},{"$f":"(I66-J66)*30+30","v":660},20,21,{"$f":"SUM(K66:P66)","v":0},0,0,0,0,0]
[]
[null,"2.12","Serviços diversos","GL",1,{"$f":"IF((H68-J68)*30=0,1,(H68-J68)*30)","v":1},{"$f":"(I68-J68)*30+30","v":60},21,22,{"$f":"SUM(K68:P68)","v":21},{"$f":"IF(K$3>$H68,0,IF(K$3<=$H68-3,0,K$3))","v":0},{"$f":"IF(L$3>$H68,0,IF(L$3<=$H68-3,0,L$3))","v":0},{"$f":"IF(M$3>$H68,0,IF(M$3<=$H68-3,0,M$3))","v":0},{"$f":"IF(N$3>$H68,0,IF(N$3<=$H68-3,0,N$3))","v":0},{"$f":"IF(O$3>$H68,0,IF(O$3<=$H68-3,0,O$3))","v":21}]

{"sheet":"Cron barras","index":4,"n_rows":52,"n_cols":20,"rows_kept":52,"cut":false,"hidden":true,"merged":[]}
[null,null,1,2,3,4,5,6,7,8,9,10,11,12,13,14,15,16,17,18]
[null,null,5,6,7,8,9,10,11,12,13,14,15,16,17,18,19,20,21,22]
[60,"Instalações preliminares"]
[2,"Tudo",{"$f":"100-SUM(D4:T4)","v":63},2,2,2,2,2,2,2,2,2,2,2,2,2,2,2,2,5]
[61,"Drenagem"]
[4,"Serviços preliminares",100]
[5,"Movimento de terra",50,50]
[6,"Tubulação e caixas",null,100]
[62,"Terraplenagem"]
[8,"Serviços preliminares",null,100]
[9,"Cortes e aterros",null,50,50]
[63,"Estação elevatória"]
[11,"Serviços preliminares",null,null,100]
[12,"Movimento de terra",null,null,33,33,null,34]
[13,"Estruturas de concreto",null,null,null,33,33,34]
[64,"Materiais e equipamentos",{"$nulls":5},50,50]
[15,"Serviços diversos",{"$nulls":6},100]
[65,"Tratamento preliminar"]
[17,"Serviços preliminares",{"$nulls":4},100]
[18,"Fundações profundas",{"$nulls":4},50,50]
[19,"Estruturas de concreto",{"$nulls":5},33,33,34]
[20,"Materiais e equipamentos",{"$nulls":7},50,50]
[66,"UASB"]
[22,"Serviços preliminares",{"$nulls":6},100]
[23,"Fundações profundas",{"$nulls":6},50,50]
[24,"Estruturas de concreto",{"$nulls":7},33,33,34]
[25,"Materiais e equipamentos",{"$nulls":9},50,50]
[26,"Serviços diversos",{"$nulls":11},100]
[67,"Leitos de secagem"]
[28,"Serviços preliminares",{"$nulls":9},100]
[29,"Estruturas de concreto",{"$nulls":9},33,33,34]
[30,"Leito filtrante",{"$nulls":11},100]
[68,"Interligação geral"]
[32,"Movimento de terra",{"$nulls":11},50,50]
[33,"Materiais e equipamentos",{"$nulls":11},50,50]
[69,"Ligação interceptor"]
[35,"Serviços preliminares",{"$nulls":10},100]
[36,"Movimento de terra",{"$nulls":10},33,33,34]
[37,"Estruturas de concreto",{"$nulls":11},50,50]
[38,"Materiais e equipamentos",{"$nulls":11},50,50]
[70,"Casa de operação"]
[40,"Serviços preliminares",{"$nulls":12},100]
[41,"Fundações",{"$nulls":12},100]
[42,"Estruturas e alvenaria",{"$nulls":13},50,50]
[43,"Instalações e acabamentos",{"$nulls":15},100]
[71,"Lançamentos"]
[45,"Serviços preliminares",{"$nulls":15},100]
[46,"Movimento de terra",{"$nulls":15},50,50]
[47,"Estruturas de concreto",{"$nulls":15},50,50]
[48,"Materiais e equipamentos",{"$nulls":15},50,50]
[72,"Serviços diversos"]
[50,"Tudo",{"$nulls":16},50,50]

{"sheet":"Resumo interceptor","index":5,"n_rows":38,"n_cols":12,"rows_kept":38,"cut":false,"hidden":true,"merged":[[38,0,38,2],[38,3,38,5],[6,1,6,5],[6,7,6,11]]}
[]
[{"$nulls":4},"LOCALIDADE",{"$nulls":6},"  FOLHA:"]
[{"$nulls":5},"CAETÉ / MG - Plano Diretor de Esgotos"]
[{"$nulls":4},"  DATA BASE:",null," OBRA / SERVIÇO - UNIDADE DO SISTEMA:",{"$nulls":4}," DATA:"]
[{"$nulls":5},"2005-06-01","RESUMO GERAL"]
[]
["ÍTEM","DESCRIÇÃO",{"$nulls":4},"UNID.","OBRAS E MATERIAIS"]
[{"$nulls":11},{"$f":"IF(J8=0,\" \",IF(J8=\" -\",\" -\",H8*J8))","v":" "}]
[null,null,"RESUMO GERAL"]
[]
[1,null,"INTERCEPTOR CÓRREGO CAETÉ - MARGEM DIREITA"]
[]
[1.1000000000000001,null,"Custos referentes a mão-de-obra e equipamentos",null,null,null,"gl",{"$nulls":4},{"$f":"'Interceptor(mão-de-obra)'!L167","v":131565.54164350004}]
[]
[1.2,null,"Custos referentes a materiais",null,null,null,"gl",{"$nulls":4},{"$f":"'Interceptor (materiais)'!L157","v":264928.59288464999}]
[]
[]
[]
[null,null,"TOTAL GERAL",{"$nulls":8},{"$f":"SUM(L11:L18)","v":396494.13452815003}]
[]
[null,null,"Observações:"]
[null,null,"1 - O custo relativo a bonificação e despesas indiretas já esta incluso nos preços."]
[null,null,"2- Os custos referentes a locação de eixo em áreas não planejadas e a todos os ítens"]
[null,null,"de movimeno de terra são compostos apenas por mão-de-obra e equipamentos."]
{"$rows_empty":11}
[{"$nulls":11},{"$f":"IF(J36=0,\" \",IF(J36=\" -\",\" -\",H36*J36))","v":" "}]
[]
["DESCRIÇÃO E QUANTITATIVOS POR:",null,null,"   PREÇOS POR:(CARIMBO/RUBRICA)",null,null," SETOR RESPONSÁVEL:",null,"  OBSERVAÇÕES:"]

{"sheet":"Interceptor(mão-de-obra)","index":6,"n_rows":180,"n_cols":15,"rows_kept":180,"cut":false,"hidden":true,"merged":[[110,0,110,3],[110,4,110,7],[64,1,64,7],[68,1,68,7],[75,0,75,3],[75,4,75,7],[180,0,180,3],[180,4,180,7],[126,1,126,7],[128,1,128,7],[134,1,134,7],[166,1,166,5],[145,0,145,3],[145,4,145,7],[1,6,1,9],[3,6,3,10],[5,1,5,7],[43,1,43,7],[40,0,40,3],[40,4,40,7],[42,1,42,7]]}
[{"$nulls":6},"LOCALIDADE:",{"$nulls":4},"FOLHA"]
[{"$nulls":6},"CAETÉ - MG Plano Diretor de Esgotos"]
[{"$nulls":6},"OBRA / SERVIÇO UNIDADE DO SISTEMA",{"$nulls":4},"DATA BASE"]
[{"$nulls":6},"INTERCEPTOR CÓRREGO CAETÉ - MARGEM DIREITA",{"$nulls":4},"2005-06-01"]
[]
["ÍTEM","DESCRIÇÃO",{"$nulls":6},"UNID.","QUANTIDADE","PREÇO UNITÁRIO","VALOR TOTAL",null,"QUANTIDADE","PREÇO UNITÁRIO"]
[]
[]
["1.1","INTERCEPTOR CÓRREGO CAETÉ - MARGEM DIREITA",{"$nulls":9},{"$f":"IF(K9=0,\" \",IF(K9=\" -\",\" -\",J9*K9))","v":" "}]
[{"$nulls":11}," "]
[null,"SERVIÇOS PRELIMINARES",{"$nulls":9}," "]
[{"$nulls":11}," "]
[null,"1 - Locação de eixo em áreas não planejadas",{"$nulls":6},"m",886,null," ",null,886,1.03]
[null,"1.1 - Eng. Agrimensor Senior",{"$nulls":6},"mês",{"$f":"886*0.000144","v":0.127584},3977.6,507.47811840000003]
[null,"1.2 - Auxiliar de topografia",{"$nulls":6},"mês",{"$f":"886*0.000288","v":0.25516800000000001},648.67999999999995,165.52237823999999]
[null,"1.3 - Estação total TOPCON GTS-212 ou similar",{"$nulls":6},"mês",{"$f":"886*0.000144","v":0.127584},1733.16,221.12348544000002]
[null,"1.4 - Conjunto de equipamentos complementares(trena,baliza,mira e etc.)",{"$nulls":6},"mês",{"$f":"(886*0.000144)","v":0.127584},139.01,17.73545184]
[]
[]
[null,"2 - Ensecadeira (rip-rap) em solo cimento, traço 1:10",{"$nulls":6},"m³",400,null,{"$f":"IF(K20=0,\" \",IF(K20=\" -\",\" -\",J20*K20))","v":" "},null,400,100.01]
[null,"2.1 - Pedreiro",{"$nulls":6},"h",{"$f":"400*1.12","v":448.00000000000006},5.79,{"$f":"IF(K21=0,\" \",IF(K21=\" -\",\" -\",J21*K21))","v":2593.9200000000005}]
[null,"2.2 - Servente",{"$nulls":6},"h",{"$f":"400*13.611","v":5444.4000000000005},3.72,{"$f":"IF(K22=0,\" \",IF(K22=\" -\",\" -\",J22*K22))","v":20253.168000000001}]
[]
[null,"MOVIMENTO DE TERRA"]
[]
[null,"1 - Escavação manual de valas, em solo seco:",{"$nulls":9},{"$f":"IF(K26=0,\" \",IF(K26=\" -\",\" -\",J26*K26))","v":" "}]
[null,"1.1 - Profundidade até 1,50 m",{"$nulls":6},"m³",250,null," ",null,16,14.47]
[null,"1.1.1 - Servente",{"$nulls":6},"h",{"$f":"(250*3.8898)","v":972.45},3.72,3617.5140000000006,null,0.5,18.04]
[{"$nulls":11}," "]
[null,"2 - Escavação manual de valas, em solo com água:",{"$nulls":9}," "]
[null,"2.1 - Profundidade até 1,50 m",{"$nulls":6},"m³",370,null," ",null,771,18.059999999999999]
[null,"2.1.1 - Servente",{"$nulls":6},"h",{"$f":"(370*4.85484)","v":1796.2908},3.72,6682.2017759999999,null,0.5,18.04]
[{"$nulls":11}," "]
[null,"2.2 - Profundidade maior que 1,50 m até 3,00 m",{"$nulls":6},"m³",16,null," ",null,11,22.5]
[null,"2.2.1 - Servente",{"$nulls":6},"h",{"$f":"(16*6.0484)","v":96.7744},3.72,360.00076799999999]
[]
[]
[]
[]
["DESCRIÇÃO E QUANTITATIVOS POR",null,null,null,"PREÇOS POR (CARIMBO/RUBRICA)",null,null,null,"SETOR RESPONSÁVEL",null,"OBSERVAÇÕES",null,null,null,"OBSERVAÇÕES"]
[]
[{"$nulls":11},{"$f":"IF(K42=0,\" \",IF(K42=\" -\",\" -\",J42*K42))","v":" "}]
[{"$nulls":11}," "]
[null,"3. Aterro de valas, com controle do grau de compactação de no mínimo 95% ",{"$nulls":9}," "]
[null,"do proctor normal",{"$nulls":6},"m³",346,null," ",null,510,6.2]
[null,"3.1 - Servente",{"$nulls":6},"h",{"$f":"346*1.1873","v":410.80580000000003},3.72,1528.1975760000003]
[null,"3.2 - Ensaio Hilf",{"$nulls":6},"u",{"$f":"346*0.004","v":1.3840000000000001},62.67,86.735280000000003]
[null,"3.3 - Compactador manual de solos, motor gasolina",{"$nulls":6},"h",{"$f":"346*0.405485","v":140.29781},3.68,516.29594080000004]
[null,"3.4 - Caminhão tanque 10.000 l, motor diesel",{"$nulls":6},"h",{"$f":"346*0.001","v":0.34600000000000003},40.380000000000003,13.971480000000001]
[]
[]
[null,"4 - Empréstimo e bota-fora:",{"$nulls":9},{"$f":"IF(K52=0,\" \",IF(K52=\" -\",\" -\",J52*K52))","v":" "}]
[{"$nulls":11},{"$f":"IF(K53=0,\" \",IF(K53=\" -\",\" -\",J53*K53))","v":" "}]
[null,"4.1 - Escavação e carga de material de 1° categoria",{"$nulls":6},"m³",385,null,{"$f":"IF(K54=0,\" \",IF(K54=\" -\",\" -\",J54*K54))","v":" "},null,9600,1.51]
[null,"4.1.1 - Servente",{"$nulls":6},"h",{"$f":"385*0.009948","v":3.8299799999999999},3.72,{"$f":"IF(K55=0,\" \",IF(K55=\" -\",\" -\",J55*K55))","v":14.247525600000001}]
[null,"4.1.2 - Trator de esteira, motor diesel, 140 HP, D6M",{"$nulls":6},"h",{"$f":"385*0.02","v":7.7},73.650000000000006,{"$f":"IF(K56=0,\" \",IF(K56=\" -\",\" -\",J56*K56))","v":567.10500000000002}]
[]
[null,"4.2 - Carga manual (material em geral) sem manuseio e arrumação do material",{"$nulls":6},"m³",500,null,{"$f":"IF(K58=0,\" \",IF(K58=\" -\",\" -\",J58*K58))","v":" "},null,1017,0.52]
[null,"4.2.1 - Servente",{"$nulls":6},"h",{"$f":"500*0.729144","v":364.572},3.72,{"$f":"IF(K59=0,\" \",IF(K59=\" -\",\" -\",J59*K59))","v":1356.20784}]
[null,"4.2.2 - Caminhão basculante, capacidade 5 m³ (inclusive motorista)-H.Improd.",{"$nulls":6},"h",{"$f":"500*0.0056","v":2.8},15.64,{"$f":"IF(K60=0,\" \",IF(K60=\" -\",\" -\",J60*K60))","v":43.792000000000002}]
[]
[null,"4.3 - Transporte manual (terra, areia, entulho) distância até 100 m",{"$nulls":6},"m³",500,null,{"$f":"IF(K62=0,\" \",IF(K62=\" -\",\" -\",J62*K62))","v":" "},null,1017,0.72]
[null,"4.3.1 - Servente",{"$nulls":6},"h",{"$f":"500*4.551075","v":2275.5374999999999},3.72,{"$f":"IF(K63=0,\" \",IF(K63=\" -\",\" -\",J63*K63))","v":8464.9994999999999}]
[]
[null,"4.4 - Transporte local, em perímetro urbano (material em geral), a granel",{"$nulls":6},"m³ x km",5000,null,{"$f":"IF(K65=0,\" \",IF(K65=\" -\",\" -\",J65*K65))","v":" "},null,10170,0.78]
[null,"4.4.1 - Caminhão basculante, capacidade 5 m³ (inclusive motorista)-H.Prod.",{"$nulls":6},"h",{"$f":"5000*0.02345862","v":117.2931},33.25,{"$f":"IF(K66=0,\" \",IF(K66=\" -\",\" -\",J66*K66))","v":3899.9955749999999}]
[]
[]
[null,"4.5 - Espalhamento de solo em bota-fora",{"$nulls":6},"m³",500,null,{"$f":"IF(K69=0,\" \",IF(K69=\" -\",\" -\",J69*K69))","v":" "},null,1017,0.65]
[null,"4.5.1 - Trator de esteira, motor diesel, 140 HP, D6M",{"$nulls":6},"h",{"$f":"500*0.0088255","v":4.41275},73.650000000000006,{"$f":"IF(K70=0,\" \",IF(K70=\" -\",\" -\",J70*K70))","v":324.99903750000004}]
[]
[{"$nulls":11},{"$f":"IF(K72=0,\" \",IF(K72=\" -\",\" -\",J72*K72))","v":" "}]
[]
[]
["DESCRIÇÃO E QUANTITATIVOS POR",null,null,null,"PREÇOS POR (CARIMBO/RUBRICA)",null,null,null,"SETOR RESPONSÁVEL",null,"OBSERVAÇÕES",null,null,null,"OBSERVAÇÕES"]
[]
[]
[]
[null,"ESTRUTURAS E CONCRETO",{"$nulls":9},{"$f":"IF(K79=0,\" \",IF(K79=\" -\",\" -\",J79*K79))","v":" "}]
[{"$nulls":11}," "]
[null,"1 - Broca de concreto (diâmetro = 30 cm), consumo mínimo de cimento",{"$nulls":9}," "]
[null,"150 kg/m³",{"$nulls":6},"m",344.83,null," ",null,345,51.8]
[null,"1.1 - Servente",{"$nulls":6},"h",{"$f":"344.83*4.1553","v":1432.8720990000002},3.72,5330.2842082800007]
[null,"1.2 - Betoneira capacidade 320 L, motor diesel 7 HP",{"$nulls":6},"h",{"$f":"344.83*0.4321","v":149.00104299999998},2.37,353.13247190999999]
[]
[]
[null,"2 - Formas e desformas:"]
[{"$nulls":11},{"$f":"IF(K88=0,\" \",IF(K88=\" -\",\" -\",J88*K88))","v":" "}]
[null,"2.1 - Forma plana em tábua de pinho, para fundações",{"$nulls":6},"m²",1009.5,null,{"$f":"IF(K89=0,\" \",IF(K89=\" -\",\" -\",J89*K89))","v":" "},null,1002,21.07]
[null,"2.1.1 - Carpinteiro",{"$nulls":6},"h",{"$f":"1009.5*1.494","v":1508.193},5.79,{"$f":"IF(K90=0,\" \",IF(K90=\" -\",\" -\",J90*K90))","v":8732.4374700000008}]
[null,"2.1.2 - Servente",{"$nulls":6},"h",{"$f":"1009.5*1.4973","v":1511.5243500000001},3.72,{"$f":"IF(K91=0,\" \",IF(K91=\" -\",\" -\",J91*K91))","v":5622.8705820000005}]
[]
[null,"2.2 - Forma plana em chapa de madeira compensada, para estruturas",{"$nulls":6},"m²",16.86,null,{"$f":"IF(K93=0,\" \",IF(K93=\" -\",\" -\",J93*K93))","v":" "},null,17,34.58]
[null,"2.2.1 - Carpinteiro",{"$nulls":6},"h",{"$f":"16.86*1.9724","v":33.254663999999998},5.79,{"$f":"IF(K94=0,\" \",IF(K94=\" -\",\" -\",J94*K94))","v":192.54450455999998}]
[null,"2.2.2 - Servente",{"$nulls":6},"h",{"$f":"16.86*1.9731","v":33.266466000000001},3.72,{"$f":"IF(K95=0,\" \",IF(K95=\" -\",\" -\",J95*K95))","v":123.75125352000001}]
[]
[null,"2.3 - Forma curva em chapa de madeira compensada resinada, E=10 mm,",{"$nulls":9},{"$f":"IF(K97=0,\" \",IF(K97=\" -\",\" -\",J97*K97))","v":" "}]
[null,"para estruturas",{"$nulls":6},"m²",952.81,null,{"$f":"IF(K98=0,\" \",IF(K98=\" -\",\" -\",J98*K98))","v":" "},null,477,39.29]
[null,"2.3.1 - Carpinteiro",{"$nulls":6},"h",{"$f":"952.81*1.9931","v":1899.045611},5.79,{"$f":"IF(K99=0,\" \",IF(K99=\" -\",\" -\",J99*K99))","v":10995.47408769}]
[null,"2.3.2 - Servente",{"$nulls":6},"h",{"$f":"952.81*1.9946","v":1900.4748259999999},3.72,{"$f":"IF(K100=0,\" \",IF(K100=\" -\",\" -\",J100*K100))","v":7069.7663527200002}]
[]
[]
[null,"3 – Fornecimento e colocação de armadura de aço",{"$nulls":6},"kg",14188,null,{"$f":"IF(K103=0,\" \",IF(K103=\" -\",\" -\",J103*K103))","v":" "},null,11520,4.3]
[null,"3.1 - Armador",{"$nulls":6},"h",{"$f":"14188*0.1002","v":1421.6376},5.79,{"$f":"IF(K104=0,\" \",IF(K104=\" -\",\" -\",J104*K104))","v":8231.2817040000009}]
[null,"3.2 - Auxiliar de oficial",{"$nulls":6},"h",{"$f":"14188*0.0894","v":1268.4071999999999},4.3600000000000003,{"$f":"IF(K105=0,\" \",IF(K105=\" -\",\" -\",J105*K105))","v":5530.255392}]
[]
[]
[]
[]
["DESCRIÇÃO E QUANTITATIVOS POR",null,null,null,"PREÇOS POR (CARIMBO/RUBRICA)",null,null,null,"SETOR RESPONSÁVEL",null,"OBSERVAÇÕES",null,null,null,"OBSERVAÇÕES"]
[]
[]
[null,"4 - Concreto - Preparo, transporte, lançamento e adensamento:"]
[]
[null,"4.1 - Concreto estrutural (fck = 20 MPa)",{"$nulls":6},"m³",193,null,{"$f":"IF(K115=0,\" \",IF(K115=\" -\",\" -\",J115*K115))","v":" "},null,192,256.13]
[null,"4.1.1 - Pedreiro",{"$nulls":6},"h",{"$f":"193*3.4801","v":671.65930000000003},5.79,3888.9073470000003]
[null,"4.1.2 - Servente",{"$nulls":6},"h",{"$f":"193*15.0134","v":2897.5862000000002},3.72,10779.020664000001]
[null,"4.1.3 - Betoneira capacidade 320 L, motor diesel 7 HP",{"$nulls":6},"h",{"$f":"193*2.1983","v":424.27190000000002},2.37,1005.5244030000001]
[null,"4.1.4 - Vibrador de imersão, motor a gasolina 5 HP",{"$nulls":6},"h",{"$f":"193*5.8868","v":1136.1523999999999},1.06,1204.3215439999999]
[{"$nulls":11}," "]
[null,"4.2 - Concreto estrutural (fck = 40 MPa)",{"$nulls":6},"m³",44,null," ",null,44,324.22000000000003]
[null,"4.2.1 - Pedreiro",{"$nulls":6},"h",{"$f":"44*3.4801","v":153.12440000000001},5.79,886.59027600000002]
[null,"4.2.2 - Servente",{"$nulls":6},"h",{"$f":"44*15.0134","v":660.58960000000002},3.72,2457.3933120000002]
[null,"4.2.3 - Betoneira capacidade 320 L, motor diesel 7 HP",{"$nulls":6},"h",{"$f":"44*2.1983","v":96.725200000000001},2.37,229.23872400000002]
[null,"4.2.4 - Vibrador de imersão, motor a gasolina 5 HP",{"$nulls":6},"h",{"$f":"44*5.8868","v":259.01920000000001},1.06,274.56035200000002]
[]
[null,"ESCORAMENTO"]
[{"$nulls":11},{"$f":"IF(K128=0,\" \",IF(K128=\" -\",\" -\",J128*K128))","v":" "}]
[null,"1 - Estrutura de escoramento contínua",{"$nulls":6},"m²",433,null," ",null,420,13.77]
[null,"1.1 - Carpinteiro",{"$nulls":6},"h",{"$f":"433*0.6079","v":263.22070000000002},5.79,1524.047853]
[null,"1.2 - Auxiliar de oficial",{"$nulls":6},"h",{"$f":"433*0.241","v":104.35299999999999},4.3600000000000003,454.97908000000001]
[null,"1.3 - Servente",{"$nulls":6},"h",{"$f":"433*0.5376","v":232.7808},3.72,865.9445760000001]
[null,"1.4 - Retro escavadeira, motor diesel 74 HP, capacidade da caçamba 0.3 m³",{"$nulls":6},"h",{"$f":"433*0.0374","v":16.194200000000002},36.630000000000003,593.19354600000008]
[]
[null,"MATERIAIS E EQUIPAMENTOS HIDRÁULICOS"]
[{"$nulls":11},{"$f":"IF(K136=0,\" \",IF(K136=\" -\",\" -\",J136*K136))","v":" "}]
[null,"1 - Tubos de PVC, ponta e bolsa, JE para coletores de esgoto com anel de",{"$nulls":9}," "]
[null,"borracha, fabricado conforme NBR 7362 - Fornecimento e assentamento:",{"$nulls":9}," "]
[{"$nulls":11}," "]
[null,"1.1 - Diâmetro = 350 mm",{"$nulls":6},"m",574,null," ",null,557,121.58]
[null,"1.1.1 - Bombeiro",{"$nulls":6},"h",{"$f":"574*0.228","v":130.87200000000001},5.79,757.7488800000001]
[null,"1.1.2 - Auxiliar de oficial",{"$nulls":6},"h",{"$f":"574*0.406","v":233.04400000000001},4.3600000000000003,1016.0718400000002]
[]
[]
["DESCRIÇÃO E QUANTITATIVOS POR",null,null,null,"PREÇOS POR (CARIMBO/RUBRICA)",null,null,null,"SETOR RESPONSÁVEL",null,"OBSERVAÇÕES",null,null,null,"OBSERVAÇÕES"]
[]
[]
[]
[null,"1.2 - Diâmetro = 400 mm",{"$nulls":6},"m",329,null,{"$f":"IF(K149=0,\" \",IF(K149=\" -\",\" -\",J149*K149))","v":" "},null,319,147.02000000000001]
[null,"1.2.1 - Bombeiro",{"$nulls":6},"h",{"$f":"329*0.2453","v":80.703699999999998},5.79,{"$f":"IF(K150=0,\" \",IF(K150=\" -\",\" -\",J150*K150))","v":467.27442300000001}]
[null,"1.2.2 - Auxiliar de oficial",{"$nulls":6},"h",{"$f":"329*0.4404","v":144.89160000000001},4.3600000000000003,{"$f":"IF(K151=0,\" \",IF(K151=\" -\",\" -\",J151*K151))","v":631.72737600000005}]
[]
[null,"2 - Tubo de concreto armado centrifugado, JE PB EA2 (Esgoto armado) fabri-",{"$nulls":9},{"$f":"IF(K153=0,\" \",IF(K153=\" -\",\" -\",J153*K153))","v":" "}]
[null,"cado conforme NBR 8890, DN 500 mm - Fornecimento e assentamento",{"$nulls":6},"m",10,null,{"$f":"IF(K154=0,\" \",IF(K154=\" -\",\" -\",J154*K154))","v":" "},null,10,138.66]
[null,"2.1 - Bombeiro",{"$nulls":6},"h",{"$f":"10*3.5472","v":35.472000000000001},5.79,{"$f":"IF(K155=0,\" \",IF(K155=\" -\",\" -\",J155*K155))","v":205.38288}]
[null,"2.2 - Auxiliar de oficial",{"$nulls":6},"h",{"$f":"10*7.0944","v":70.944000000000003},4.3600000000000003,{"$f":"IF(K156=0,\" \",IF(K156=\" -\",\" -\",J156*K156))","v":309.31584000000004}]
[]
[]
[null,"SERVIÇOS DIVERSOS",{"$nulls":9},{"$f":"IF(K159=0,\" \",IF(K159=\" -\",\" -\",J159*K159))","v":" "}]
[{"$nulls":11},{"$f":"IF(K160=0,\" \",IF(K160=\" -\",\" -\",J160*K160))","v":" "}]
[null,"1 - Tampão de ferro fundido DN 600 mm - Fornecimento e assentamento",{"$nulls":6},"un",33,null,{"$f":"IF(K161=0,\" \",IF(K161=\" -\",\" -\",J161*K161))","v":" "},null,33,190.02]
[null,"1.1 - Pedreiro",{"$nulls":6},"h",{"$f":"33*0.7424","v":24.499199999999998},5.79,{"$f":"IF(K162=0,\" \",IF(K162=\" -\",\" -\",J162*K162))","v":141.850368}]
[null,"1.2 - Servente",{"$nulls":6},"h",{"$f":"33*3.71","v":122.42999999999999},3.72,{"$f":"IF(K163=0,\" \",IF(K163=\" -\",\" -\",J163*K163))","v":455.43959999999998}]
[]
[]
[{"$nulls":11},{"$f":"IF(K166=0,\" \",IF(K166=\" -\",\" -\",J166*K166))","v":" "}]
[null,"TOTAL DO ÍTEM 1.1",{"$nulls":9},{"$f":"SUM(L7:L166)","v":131565.54164350004}]
{"$rows_empty":12}
["DESCRIÇÃO E QUANTITATIVOS POR",null,null,null,"PREÇOS POR (CARIMBO/RUBRICA)",null,null,null,"SETOR RESPONSÁVEL",null,"OBSERVAÇÕES",null,null,null,"OBSERVAÇÕES"]

{"sheet":"Interceptor (materiais)","index":7,"n_rows":180,"n_cols":15,"rows_kept":180,"cut":false,"hidden":true,"merged":[[37,1,37,7],[40,0,40,3],[40,4,40,7],[1,6,1,9],[3,6,3,10],[5,1,5,7],[29,1,29,7],[36,1,36,7],[110,0,110,3],[110,4,110,7],[75,0,75,3],[75,4,75,7],[180,0,180,3],[180,4,180,7],[113,1,113,7],[115,1,115,7],[122,1,122,7],[156,1,156,5],[145,0,145,3],[145,4,145,7]]}
[{"$nulls":6},"LOCALIDADE:",{"$nulls":4},"FOLHA"]
[{"$nulls":6},"CAETÉ - MG Plano Diretor de Esgotos"]
[{"$nulls":6},"OBRA / SERVIÇO UNIDADE DO SISTEMA",{"$nulls":4},"DATA BASE"]
[{"$nulls":6},"INTERCEPTOR CÓRREGO CAETÉ - MARGEM DIREITA",{"$nulls":4},"2005-06-01"]
[]
["ÍTEM","DESCRIÇÃO",{"$nulls":6},"UNID.","QUANTIDADE","PREÇO UNITÁRIO","VALOR TOTAL",null,"QUANTIDADE","PREÇO UNITÁRIO"]
[]
["1.2","INTERCEPTOR CÓRREGO CAETÉ - MARGEM DIREITA",{"$nulls":9},{"$f":"IF(K8=0,\" \",IF(K8=\" -\",\" -\",J8*K8))","v":" "}]
[{"$nulls":11},{"$f":"IF(K9=0,\" \",IF(K9=\" -\",\" -\",J9*K9))","v":" "}]
[null,"SERVIÇOS PRELIMINARES",{"$nulls":9},{"$f":"IF(K10=0,\" \",IF(K10=\" -\",\" -\",J10*K10))","v":" "}]
[{"$nulls":11},{"$f":"IF(K11=0,\" \",IF(K11=\" -\",\" -\",J11*K11))","v":" "}]
[null,"1 - Locação de eixo em áreas não planejadas",{"$nulls":6},"m",886,null,{"$f":"IF(K12=0,\" \",IF(K12=\" -\",\" -\",J12*K12))","v":" "},null,886,1.03]
[null,"Obs.: Este serviço é composta apenas por mão-de-obra e equipamentos"]
[{"$nulls":11},{"$f":"IF(K14=0,\" \",IF(K14=\" -\",\" -\",J14*K14))","v":" "}]
[null,"2 - Ensecadeira (rip-rap) em solo cimento, traço 1:10",{"$nulls":6},"m³",400,null,null,null,400,100.01]
[null,"2.1 - Saco de ráfia 50 x 80 cm",{"$nulls":6},"u",{"$f":"400*36","v":14400},0.57999999999999996,{"$f":"IF(K16=0,\" \",IF(K16=\" -\",\" -\",J16*K16))","v":8352}]
[null,"2.2 - Cimento Portland CP 32 II comum",{"$nulls":6},"sc",{"$f":"400*1.42","v":568},15.5,{"$f":"IF(K17=0,\" \",IF(K17=\" -\",\" -\",J17*K17))","v":8804}]
[]
[null,"MOVIMENTO DE TERRA",{"$nulls":9},{"$f":"IF(K19=0,\" \",IF(K19=\" -\",\" -\",J19*K19))","v":" "}]
[null,"Obs.: Todos os serviços referentes a movimento de terra são compostos"]
[null,"apenas por mão-de-obra e equipamentos."]
[{"$nulls":11},{"$f":"IF(K22=0,\" \",IF(K22=\" -\",\" -\",J22*K22))","v":" "}]
[null,"1 - Escavação manual de valas, em solo seco:",{"$nulls":9}," "]
[null,"1.1 - Profundidade até 1,50 m",{"$nulls":6},"m³",250,null," ",null,16,14.47]
[{"$nulls":11}," "]
[null,"2 - Escavação manual de valas, em solo com água:",{"$nulls":9}," "]
[null,"2.1 - Profundidade até 1,50 m",{"$nulls":6},"m³",370,null," ",null,771,18.059999999999999]
[null,"2.2 - Profundidade maior que 1,50 m até 3,00 m",{"$nulls":6},"m³",16,null," ",null,11,22.5]
[{"$nulls":11}," "]
[null,"3. Aterro de valas, com controle do grau de compactação de no mínimo 95% ",{"$nulls":9}," "]
[null,"do proctor normal",{"$nulls":6},"m³",346,null," ",null,510,6.2]
[]
[null,"4 - Empréstimo e bota-fora:",{"$nulls":9},{"$f":"IF(K33=0,\" \",IF(K33=\" -\",\" -\",J33*K33))","v":" "}]
[null,"4.1 - Escavação e carga de material de 1° categoria",{"$nulls":6},"m³",385,null," ",null,9600,1.51]
[null,"4.2 - Carga manual (material em geral) sem manuseio e arrumação do material",{"$nulls":6},"m³",500,null," ",null,1017,0.52]
[null,"4.3 - Transporte manual (terra, areia, entulho) distância até 100 m",{"$nulls":6},"m³",500,null," ",null,1017,0.72]
[null,"4.4 - Transporte local, em perímetro urbano (material em geral), a granel",{"$nulls":6},"m³ x km",5000,null," ",null,10170,0.78]
[null,"4.5 - Espalhamento de solo em bota-fora",{"$nulls":6},"m³",500,null," ",null,1017,0.65]
[]
["DESCRIÇÃO E QUANTITATIVOS POR",null,null,null,"PREÇOS POR (CARIMBO/RUBRICA)",null,null,null,"SETOR RESPONSÁVEL",null,"OBSERVAÇÕES",null,null,null,"OBSERVAÇÕES"]
[]
[]
[]
[null,"ESTRUTURAS E CONCRETO",{"$nulls":9},{"$f":"IF(K44=0,\" \",IF(K44=\" -\",\" -\",J44*K44))","v":" "}]
[]
[{"$nulls":11},{"$f":"IF(K46=0,\" \",IF(K46=\" -\",\" -\",J46*K46))","v":" "}]
[null,"1 - Broca de concreto (diâmetro = 30 cm), consumo mínimo de cimento",{"$nulls":9}," "]
[null,"150 kg/m³",{"$nulls":6},"m",344.83,null," ",null,345,51.8]
[null,"1.1 - Cimento Portland CP 32 II comum",{"$nulls":6},"sc",{"$f":"344.83*1.1524","v":397.382092},15.5,6159.4224260000001]
[null,"1.2 - Areia",{"$nulls":6},"m³",{"$f":"344.83*0.2103","v":72.517748999999995},34.1,2472.8552408999999]
[null,"1.3 - Brita 1",{"$nulls":6},"m³",{"$f":"344.83*0.1642","v":56.621085999999998},31.32,1773.37241352]
[null,"1.4 - Brita 2",{"$nulls":6},"m³",{"$f":"344.83*0.1642","v":56.621085999999998},31.32,1773.37241352]
[]
[]
[null,"2 - Formas e desformas:"]
[]
[]
[null,"2.1 - Forma plana em tábua de pinho, para fundações",{"$nulls":6},"m²",1009.5,null,{"$f":"IF(K58=0,\" \",IF(K58=\" -\",\" -\",J58*K58))","v":" "},null,1002,21.07]
[null,"2.1.1 - Prego (18 x 30)",{"$nulls":6},"kg",{"$f":"1009.5*0.1918","v":193.62209999999999},3.91,757.062411]
[null,"2.1.2 - Tábua em pinho de 3° - 30 x 2,5 cm",{"$nulls":6},"m²",{"$f":"1009.5*0.4884","v":493.03980000000001},9.07,4471.8709859999999]
[null,"2.1.3 - Pontalete 8 x 8 cm (em madeira de lei)",{"$nulls":6},"m",{"$f":"1009.5*0.4211","v":425.10044999999997},0.95,403.84542749999997]
[null,"2.1.4 - Sarrafo de pinho - 10 x 2,5 cm",{"$nulls":6},"m",{"$f":"1009.5*0.3108","v":313.75260000000003},3.7,1160.8846200000003]
[null,"2.1.5 - Desmoldante para formas",{"$nulls":6},"l",{"$f":"1009.5*0.02","v":20.190000000000001},5.99,120.93810000000001]
[]
[]
[null,"2.2 - Forma plana em chapa de madeira compensada, para estruturas",{"$nulls":6},"m²",16.86,null,{"$f":"IF(K66=0,\" \",IF(K66=\" -\",\" -\",J66*K66))","v":" "},null,17,34.58]
[null,"2.2.1 - Prego (18 x 30)",{"$nulls":6},"kg",{"$f":"16.86*0.2839","v":4.7865539999999998},3.91,18.715426139999998]
[null,"2.2.2 - Madeirit 2,20 x 1,10 m - E = 14 mm (resinado)",{"$nulls":6},"u",{"$f":"16.86*0.3769","v":6.3545340000000001},32,203.345088]
[null,"2.2.3 - Pontalete 8 x 8 cm (em madeira de lei)",{"$nulls":6},"m",{"$f":"16.86*1.0842","v":18.279612},0.95,17.365631399999998]
[null,"2.2.4 - Sarrafo de pinho - 10 x 2,5 cm",{"$nulls":6},"m",{"$f":"16.86*0.3946","v":6.6529559999999996},3.7,24.615937200000001]
[null,"2.2.5 - Desmoldante para formas",{"$nulls":6},"l",{"$f":"16.86*0.0267","v":0.45016200000000001},5.99,2.6964703800000001]
[]
[]
[]
["DESCRIÇÃO E QUANTITATIVOS POR",null,null,null,"PREÇOS POR (CARIMBO/RUBRICA)",null,null,null,"SETOR RESPONSÁVEL",null,"OBSERVAÇÕES",null,null,null,"OBSERVAÇÕES"]
[]
[]
[]
[null,"2.3 - Forma curva em chapa de madeira compensada resinada, E=10 mm,",{"$nulls":9},{"$f":"IF(K79=0,\" \",IF(K79=\" -\",\" -\",J79*K79))","v":" "}]
[null,"para estruturas",{"$nulls":6},"m²",952.81,null," ",null,477,39.29]
[null,"2.3.1 - Prego (18 x 30)",{"$nulls":6},"kg",{"$f":"952.81*0.3018","v":287.55805800000002},3.91,1124.35200678]
[null,"2.3.2 - Tábua em pinho de 3° - 30 x 2,5 cm",{"$nulls":6},"m²",{"$f":"952.81*0.1918","v":182.74895799999999},9.07,1657.5330490599999]
[null,"2.3.3 - Pontalete 8 x 8 cm (em madeira de lei)",{"$nulls":6},"m",{"$f":"952.81*0.3579","v":341.01069899999999},0.95,323.96016404999995]
[null,"2.3.4 - Sarrafo de pinho - 10 x 2,5 cm",{"$nulls":6},"m",{"$f":"952.81*0.4189","v":399.13210899999996},3.7,1476.7888032999999]
[null,"2.3.5 - Madeirit 2,20 x 1,10 m - E = 6 mm",{"$nulls":6},"u",{"$f":"952.81*0.2065","v":196.75526499999998},13.9,2734.8981835]
[null,"2.3.6 - Madeirit 2,20 x 1,10 m - E = 14 mm (resinado)",{"$nulls":6},"u",{"$f":"952.81*0.3953","v":376.64579299999997},32,12052.665375999999]
[]
[{"$nulls":11},{"$f":"IF(K88=0,\" \",IF(K88=\" -\",\" -\",J88*K88))","v":" "}]
[null,"3 – Fornecimento e colocação de armadura de aço",{"$nulls":6},"kg",14188,null,{"$f":"IF(K89=0,\" \",IF(K89=\" -\",\" -\",J89*K89))","v":" "},null,11520,4.3]
[null,"3.1 - Aço CA-50 A ou B",{"$nulls":6},"T",{"$f":"14188*0.00101","v":14.329880000000001},2911.23,{"$f":"IF(K90=0,\" \",IF(K90=\" -\",\" -\",J90*K90))","v":41717.576552400002}]
[]
[{"$nulls":11},{"$f":"IF(K92=0,\" \",IF(K92=\" -\",\" -\",J92*K92))","v":" "}]
[null,"4 - Concreto - Preparo, transporte, lançamento e adensamento:"]
[]
[null,"4.1 - Concreto estrutural (fck = 20 MPa)",{"$nulls":6},"m³",193,null,{"$f":"IF(K95=0,\" \",IF(K95=\" -\",\" -\",J95*K95))","v":" "},null,192,256.13]
[null,"4.1.1 - Cimento Portland CP 32 II comum",{"$nulls":6},"sc",{"$f":"193*7.5316","v":1453.5988},15.5,{"$f":"IF(K96=0,\" \",IF(K96=\" -\",\" -\",J96*K96))","v":22530.7814}]
[null,"4.1.2 - Areia",{"$nulls":6},"m³",{"$f":"193*0.8012","v":154.63159999999999},34.1,{"$f":"IF(K97=0,\" \",IF(K97=\" -\",\" -\",J97*K97))","v":5272.9375600000003}]
[null,"4.1.3 - Brita 1",{"$nulls":6},"m³",{"$f":"193*0.393","v":75.849000000000004},31.32,{"$f":"IF(K98=0,\" \",IF(K98=\" -\",\" -\",J98*K98))","v":2375.5906800000002}]
[null,"4.1.4 - Brita 2",{"$nulls":6},"m³",{"$f":"193*0.393","v":75.849000000000004},31.32,{"$f":"IF(K99=0,\" \",IF(K99=\" -\",\" -\",J99*K99))","v":2375.5906800000002}]
[]
[null,"4.2 - Concreto estrutural (fck = 40 MPa)",{"$nulls":6},"m³",44,null,{"$f":"IF(K101=0,\" \",IF(K101=\" -\",\" -\",J101*K101))","v":" "},null,44,324.22000000000003]
[null,"4.2.1 - Cimento Portland CP 32 II comum",{"$nulls":6},"sc",{"$f":"44*11.9245","v":524.678},15.5,{"$f":"IF(K102=0,\" \",IF(K102=\" -\",\" -\",J102*K102))","v":8132.509}]
[null,"4.2.2 - Areia",{"$nulls":6},"m³",{"$f":"44*0.8012","v":35.252800000000001},34.1,{"$f":"IF(K103=0,\" \",IF(K103=\" -\",\" -\",J103*K103))","v":1202.12048}]
[null,"4.2.3 - Brita 1",{"$nulls":6},"m³",{"$f":"44*0.393","v":17.292000000000002},31.32,{"$f":"IF(K104=0,\" \",IF(K104=\" -\",\" -\",J104*K104))","v":541.58544000000006}]
[null,"4.2.4 - Brita 2",{"$nulls":6},"m³",{"$f":"44*0.393","v":17.292000000000002},31.32,{"$f":"IF(K105=0,\" \",IF(K105=\" -\",\" -\",J105*K105))","v":541.58544000000006}]
[]
[]
[]
[]
["DESCRIÇÃO E QUANTITATIVOS POR",null,null,null,"PREÇOS POR (CARIMBO/RUBRICA)",null,null,null,"SETOR RESPONSÁVEL",null,"OBSERVAÇÕES",null,null,null,"OBSERVAÇÕES"]
[]
[]
[]
[null,"ESCORAMENTO",{"$nulls":9},{"$f":"IF(K114=0,\" \",IF(K114=\" -\",\" -\",J114*K114))","v":" "}]
[{"$nulls":11}," "]
[null,"1 - Estrutura de escoramento contínua",{"$nulls":6},"m²",433,null," ",null,420,13.77]
[null,"1.1 - Escora de eucalipto, sem tratamento, diâmetro mínimo = 12 cm",{"$nulls":6},"m",{"$f":"433*0.0357","v":15.458100000000002},1.4,21.64134]
[null,"1.2 - Pranchão - 30 x 4 cm - em madeira de lei",{"$nulls":6},"m²",{"$f":"433*0.1571","v":68.024299999999997},25.5,1734.6196499999999]
[null,"1.3 - Viga em madeira de lei - 15 x 7,5 cm",{"$nulls":6},"m",{"$f":"433*0.1564","v":67.72120000000001},8.6300000000000008,584.43395600000019]
[null,"1.4 - Prego (18 x 30)",{"$nulls":6},"kg",{"$f":"433*0.1074","v":46.504199999999997},3.91,181.831422]
[]
[]
[null,"MATERIAIS E EQUIPAMENTOS HIDRÁULICOS",{"$nulls":9},{"$f":"IF(K123=0,\" \",IF(K123=\" -\",\" -\",J123*K123))","v":" "}]
[]
[{"$nulls":11},{"$f":"IF(K125=0,\" \",IF(K125=\" -\",\" -\",J125*K125))","v":" "}]
[null,"1 - Tubos de PVC, ponta e bolsa, JE para coletores de esgoto com anel de",{"$nulls":9}," "]
[null,"borracha, fabricado conforme NBR 7362 - Fornecimento e assentamento:",{"$nulls":9}," "]
[{"$nulls":11}," "]
[null,"1.1 - Diâmetro = 350 mm",{"$nulls":6},"m",574,null," ",null,557,121.58]
[null,"1.1.1 - Tubo de PVC, PB, JE, fabricado conforme NBR 7362 - DN 350 mm",{"$nulls":6},"m",574,118.49,68013.259999999995]
[]
[]
[null,"1.2 - Diâmetro = 400 mm",{"$nulls":6},"m",329,null,{"$f":"IF(K133=0,\" \",IF(K133=\" -\",\" -\",J133*K133))","v":" "},null,319,147.02000000000001]
[null,"1.2.1 - Tubo de PVC, PB, JE, fabricado conforme NBR 7362 - DN 400 mm",{"$nulls":6},"m",329,143.68,{"$f":"IF(K134=0,\" \",IF(K134=\" -\",\" -\",J134*K134))","v":47270.720000000001}]
[]
[{"$nulls":11},{"$f":"IF(K136=0,\" \",IF(K136=\" -\",\" -\",J136*K136))","v":" "}]
[null,"2 - Tubo de concreto armado centrifugado, JE PB EA2 (Esgoto armado) fabri-",{"$nulls":9},{"$f":"IF(K137=0,\" \",IF(K137=\" -\",\" -\",J137*K137))","v":" "}]
[null,"cado conforme NBR 8890, DN 500 mm - Fornecimento e assentamento",{"$nulls":6},"m",10,null,{"$f":"IF(K138=0,\" \",IF(K138=\" -\",\" -\",J138*K138))","v":" "},null,10,138.66]
[null,"2.1.1 - Tubo de concreto armado centrifugado, JE PB EA2 (Esgoto armado)",{"$nulls":9},{"$f":"IF(K139=0,\" \",IF(K139=\" -\",\" -\",J139*K139))","v":" "}]
[null,"fabricado conforme NBR 8890, DN 500 mm",{"$nulls":6},"m",10,87.19,{"$f":"IF(K140=0,\" \",IF(K140=\" -\",\" -\",J140*K140))","v":871.9}]
[]
[]
[]
[]
["DESCRIÇÃO E QUANTITATIVOS POR",null,null,null,"PREÇOS POR (CARIMBO/RUBRICA)",null,null,null,"SETOR RESPONSÁVEL",null,"OBSERVAÇÕES",null,null,null,"OBSERVAÇÕES"]
[]
[]
[]
[null,"SERVIÇOS DIVERSOS",{"$nulls":9},{"$f":"IF(K149=0,\" \",IF(K149=\" -\",\" -\",J149*K149))","v":" "}]
[{"$nulls":11}," "]
[null,"1 - Tampão de ferro fundido DN 600 mm - Fornecimento e assentamento",{"$nulls":6},"un",33,null," ",null,33,190.02]
[null,"1.1 - Cimento Portland CP 32 II comum",{"$nulls":6},"sc",{"$f":"33*0.0871","v":2.8742999999999999},15.5,44.551649999999995]
[null,"1.2 - Areia",{"$nulls":6},"m³",{"$f":"33*0.0082","v":0.27060000000000001},34.1,9.2274600000000007]
[null,"1.3 - Tampão de ferro fundido DN 600",{"$nulls":6},"un",{"$f":"33*1","v":33},170.29,5619.57]
[]
[{"$nulls":11},{"$f":"IF(K156=0,\" \",IF(K156=\" -\",\" -\",J156*K156))","v":" "}]
[null,"TOTAL DO ÍTEM 1.2",{"$nulls":9},{"$f":"SUM(L7:L156)","v":264928.59288464999}]
{"$rows_empty":22}
["DESCRIÇÃO E QUANTITATIVOS POR",null,null,null,"PREÇOS POR (CARIMBO/RUBRICA)",null,null,null,"SETOR RESPONSÁVEL",null,"OBSERVAÇÕES",null,null,null,"OBSERVAÇÕES"]

{"sheet":"CPU","index":8,"n_rows":106,"n_cols":8,"rows_kept":106,"cut":false,"hidden":false,"merged":[[11,0,11,6],[23,0,23,6],[24,0,24,6],[12,0,12,7],[15,0,15,6],[16,0,16,7],[20,0,20,6],[21,2,21,6],[22,0,22,6],[0,1,0,7],[2,0,2,5],[3,0,3,7],[6,0,6,6],[7,0,7,7],[32,0,32,7],[37,0,37,6],[38,0,38,7],[41,0,41,6],[25,1,25,7],[27,0,27,5],[28,0,28,7],[31,0,31,6],[64,0,64,6],[52,0,52,5],[53,0,53,7],[42,0,42,7],[45,0,45,6],[46,2,46,6],[47,0,47,6],[48,0,48,6],[49,0,49,6],[50,1,50,7],[56,0,56,6],[57,0,57,7],[60,0,60,6],[61,0,61,7],[85,0,85,6],[65,0,65,7],[72,0,72,6],[73,0,73,6],[70,2,70,6],[71,0,71,6],[69,0,69,6],[74,1,74,7],[76,0,76,5],[77,0,77,7],[80,0,80,6],[81,0,81,7],[101,0,101,6],[102,0,102,6],[86,0,86,7],[92,0,92,6],[93,0,93,7],[98,0,98,6],[99,2,99,6],[100,0,100,6]]}
["CODEVASF"," COMPOSIÇÃO DE PREÇO UNITÁRIO"]
["OBRA: ",{"$nulls":5},"DATA: "]
["SERVIÇO :Mobilização/Desmobilização de equipamentos e pessoal",{"$nulls":5},"UNIDADE: ","gl"]
["EQUIPAMENTO"]
["DISCRIMINAÇÃO","UNIDADE","QUANT.","PROD","IMPROD","P.UNIT. PROD","P.UNIT. IMPR","P.TOTAL"]
["Caminhão com carroceria fixa e guindauto para içamento de carga de até 5,5 ton.(inclusive motorista)","h",20,1,null,{"$f":"(120+117.89)/2","v":118.94499999999999},13.3904,{"$f":"C6*D6*F6+C6*E6*G6","v":2378.8999999999996}]
["SUB-TOTAL",{"$nulls":6},{"$f":"SUM(H6:H6)","v":2378.8999999999996}]
["MATERIAL"]
["DISCRIMINAÇÃO","UNIDADE","QUANT.",null,null,null,"P.UNIT.","P.TOTAL"]
["Passagem de ônibus","unid.",2,null,null,null,80,{"$f":"C10*G10","v":160}]
[{"$nulls":7},{"$f":"C11*G11","v":0}]
["SUB-TOTAL",{"$nulls":6},{"$f":"SUM(H10:H11)","v":160}]
["SERVIÇOS - COMPOSIÇÕES AUXILIARES"]
["DISCRIMINAÇÃO","UNIDADE","QUANT.",null,null,null,"P.UNIT.","P.TOTAL"]
[{"$nulls":7},{"$f":"C15*G15","v":0}]
["SUB-TOTAL",{"$nulls":6},{"$f":"SUM(H15:H15)","v":0}]
["MÃO DE OBRA"]
["DISCRIMINAÇÃO","UNIDADE","QUANT.",null,null,null,"P.UNIT.","P.TOTAL"]
[{"$nulls":7},{"$f":"C19*G19","v":0}]
[{"$nulls":7},{"$f":"C20*G20","v":0}]
["SUB-TOTAL",{"$nulls":6},{"$f":"SUM(H19:H20)","v":0}]
["PRODUÇÃO DA EQUIPE",1,"CUSTO ",{"$nulls":4},{"$f":"H21+H16+H12+H7","v":2538.8999999999996}]
["TOTAL",{"$nulls":6},{"$f":"H22/B22","v":2538.8999999999996}]
["BDI                %",{"$nulls":6},1.25]
["TOTAL DO SERVIÇO - R$",{"$nulls":6},{"$f":"H23*H24","v":3173.6249999999995}]
["CODEVASF"," COMPOSIÇÃO DE PREÇO UNITÁRIO"]
["OBRA: ",{"$nulls":5},"DATA: "]
["SERVIÇO :Administração local",{"$nulls":5},"UNIDADE: ","GL"]
["EQUIPAMENTO"]
["DISCRIMINAÇÃO","UNIDADE","QUANT.","PROD","IMPROD","P.UNIT. PROD","P.UNIT. IMPR","P.TOTAL"]
[{"$nulls":7},{"$f":"C31*D31*F31+C31*E31*G31","v":0}]
["SUB-TOTAL",{"$nulls":6},{"$f":"SUM(H31:H31)","v":0}]
["MATERIAL"]
["DISCRIMINAÇÃO","UNIDADE","QUANT.",null,null,null,"P.UNIT.","P.TOTAL"]
[{"$nulls":7},{"$f":"C35*G35","v":0}]
[{"$nulls":7},{"$f":"C36*G36","v":0}]
[{"$nulls":7},{"$f":"C37*G37","v":0}]
["SUB-TOTAL",{"$nulls":6},{"$f":"SUM(H35:H37)","v":0}]
["SERVIÇOS - COMPOSIÇÕES AUXILIARES"]
["DISCRIMINAÇÃO","UNIDADE","QUANT.",null,null,null,"P.UNIT.","P.TOTAL"]
[{"$nulls":7},{"$f":"C41*G41","v":0}]
["SUB-TOTAL",{"$nulls":6},{"$f":"SUM(H41:H41)","v":0}]
["MÃO DE OBRA"]
["DISCRIMINAÇÃO","UNIDADE","QUANT.",null,null,null,"P.UNIT.","P.TOTAL"]
["Mestre de obra ","gl",0.17,null,null,null,18484.419999999998,{"$f":"C45*G45","v":3142.3514}]
["SUB-TOTAL",{"$nulls":6},{"$f":"SUM(H45:H45)","v":3142.3514}]
["PRODUÇÃO DA EQUIPE",1,"CUSTO ",{"$nulls":4},{"$f":"H46+H42+H38+H32","v":3142.3514}]
["TOTAL",{"$nulls":6},{"$f":"H47/B47","v":3142.3514}]
["BDI                %",{"$nulls":6},1]
["TOTAL DO SERVIÇO - R$",{"$nulls":6},{"$f":"H48*H49","v":3142.3514}]
["CODEVASF"," COMPOSIÇÃO DE PREÇO UNITÁRIO"]
["OBRA: ",{"$nulls":5},"DATA: "]
["SERVIÇO :Acerto e verificação do nivelamento de fundo de valas",{"$nulls":5},"UNIDADE: ","m3"]
["EQUIPAMENTO"]
["DISCRIMINAÇÃO","UNIDADE","QUANT.","PROD","IMPROD","P.UNIT. PROD","P.UNIT. IMPR","P.TOTAL"]
[{"$nulls":7},{"$f":"C56*D56*F56+C56*E56*G56","v":0}]
["SUB-TOTAL",{"$nulls":6},{"$f":"SUM(H56:H56)","v":0}]
["MATERIAL"]
["DISCRIMINAÇÃO","UNIDADE","QUANT.",null,null,null,"P.UNIT.","P.TOTAL"]
[{"$nulls":7},{"$f":"C60*G60","v":0}]
["SUB-TOTAL",{"$nulls":6},{"$f":"SUM(H60:H60)","v":0}]
["SERVIÇOS - COMPOSIÇÕES AUXILIARES"]
["DISCRIMINAÇÃO","UNIDADE","QUANT.",null,null,null,"P.UNIT.","P.TOTAL"]
[{"$nulls":7},{"$f":"C64*G64","v":0}]
["SUB-TOTAL",{"$nulls":6},{"$f":"SUM(H64:H64)","v":0}]
["MÃO DE OBRA"]
["DISCRIMINAÇÃO","UNIDADE","QUANT.",null,null,null,"P.UNIT.","P.TOTAL"]
["Pedreiro","h",0.08,null,null,null,14.81,{"$f":"C68*G68","v":1.1848000000000001}]
["Servente","h",0.48,null,null,null,12.35,{"$f":"C69*G69","v":5.9279999999999999}]
["SUB-TOTAL",{"$nulls":6},{"$f":"SUM(H68:H69)","v":7.1128}]
["PRODUÇÃO DA EQUIPE",1,"CUSTO ",{"$nulls":4},{"$f":"H70+H65+H61+H57","v":7.1128}]
["TOTAL - R$",{"$nulls":6},{"$f":"H71/B71","v":7.1128}]
["BDI                %",{"$nulls":6},1]
["TOTAL DO SERVIÇO - R$",{"$nulls":6},{"$f":"H72*H73","v":7.1128}]
["CODEVASF"," COMPOSIÇÃO DE PREÇO UNITÁRIO"]
["OBRA: ",{"$nulls":5},"DATA: "]
["SERVIÇO :Execução de bloco de ancoragem com fixação de gabarito metálico, base em chapa metálica e parafuso de arranque",{"$nulls":5},"UNIDADE: ","unid."]
["EQUIPAMENTO"]
["DISCRIMINAÇÃO","UNIDADE","QUANT.","PROD","IMPROD","P.UNIT. PROD","P.UNIT. IMPR","P.TOTAL"]
[{"$nulls":7},{"$f":"C80*D80*F80+C80*E80*G80","v":0}]
["SUB-TOTAL",{"$nulls":6},{"$f":"SUM(H80:H80)","v":0}]
["MATERIAL"]
["DISCRIMINAÇÃO","UNIDADE","QUANT.",null,null,null,"P.UNIT.","P.TOTAL"]
["CHAPA ACO GROSSA PRETA 1/2\"(12,70MM) 99,593KG/M2 - 1333","kg",3,null,null,null,3.85,{"$f":"C84*G84","v":11.55}]
["CHUMBADOR DE ACO 1\" X 500MM C/ ROSCA E PORCA - 13278","kg",2,null,null,null,56.2,{"$f":"C85*G85","v":112.4}]
["SUB-TOTAL",{"$nulls":6},{"$f":"SUM(H84:H85)","v":123.95}]
["SERVIÇOS - COMPOSIÇÕES AUXILIARES"]
["DISCRIMINAÇÃO","UNIDADE","QUANT.",null,null,null,"P.UNIT.","P.TOTAL"]
["CONCRETO FCK=25MPA, VIRADO EM BETONEIRA, SEM LANCAMENTO - 73972/001","m³",0.5,null,null,null,327.81,{"$f":"ROUND(C89*G89,2)","v":163.91}]
["LANCAMENTO/APLICACAO MANUAL DE CONCRETO EM ESTRUTURAS - 74157/003","m³",{"$f":"C89","v":0.5},null,null,null,84.02,{"$f":"ROUND(C90*G90,2)","v":42.01}]
["FORMA PARA ESTRUTURAS DE CONCRETO (PILAR, VIGA E LAJE) EM CHAPA DE MADEIRA COMPENSADA RESINADA, DE 1,10 X 2,20, ESPESSURA = 12 MM, 03 UTILIZACOES. (FABRICACAO, MONTAGEM E DESMONTAGEM)","m²",2.617,null,null,null,37.78,{"$f":"ROUND(C91*G91,2)","v":98.87}]
[{"$nulls":7},{"$f":"C92*G92","v":0}]
["SUB-TOTAL",{"$nulls":6},{"$f":"SUM(H89:H92)","v":304.78999999999996}]
["MÃO DE OBRA"]
["DISCRIMINAÇÃO","UNIDADE","QUANT.",null,null,null,"P.UNIT.","P.TOTAL"]
["Oficial","h",0.5,null,null,null,48.32,{"$f":"C96*G96","v":24.16}]
["Pedreiro","h",2,null,null,null,14.81,{"$f":"C97*G97","v":29.62}]
["Servente","h",3,null,null,null,10.78,{"$f":"C98*G98","v":32.339999999999996}]
["SUB-TOTAL",{"$nulls":6},{"$f":"SUM(H96:H98)","v":86.12}]
["PRODUÇÃO DA EQUIPE",1,"CUSTO ",{"$nulls":4},{"$f":"H99+H93+H86+H81","v":514.86}]
["TOTAL - R$",{"$nulls":6},{"$f":"H100/B100","v":514.86}]
["BDI                %",{"$nulls":6},1]
["TOTAL DO SERVIÇO - R$",{"$nulls":6},{"$f":"H101*H102","v":514.86}]
[]
[]
[null,null,{"$f":"0.3*0.3*99.593","v":8.9633699999999994}]

{"sheet":"BDI-Serviços","index":9,"n_rows":76,"n_cols":9,"rows_kept":76,"cut":false,"hidden":false,"merged":[[75,1,75,5],[39,1,39,4],[43,1,44,1],[43,2,44,2],[71,1,71,2],[72,1,72,2],[73,1,73,6],[36,1,36,5],[32,1,32,2],[33,1,33,2],[34,1,34,6],[1,1,1,4],[4,1,5,1],[4,2,5,2]]}
[]
[null,"DETALHAMENTO DO BDI - SERVIÇOS"]
[{"$nulls":6}," "]
[{"$nulls":8}," "]
[null,"Item","Descrição dos Serviços","%","%",null,null," "]
[null,null,null,"PV","CD"]
[]
[null,1,"ADMINISTRAÇÃO CENTRAL"," ",8,null,null," "]
[null,"1.1","ESCRITÓRIO CENTRAL"," "," "]
[null,"1.2","VIAGENS"," "," "]
[null,"1.3","OUTROS"," "," "]
[null," "," "," "," "]
[null,2,"IMPOSTOS E TAXAS",{"$f":"SUM(D14:D17)","v":8.65},{"$f":"SUM(E14:E17)","v":10.82}]
[null,"2.1","ISS",5,{"$f":"ROUND(D14*1.2515,2)","v":6.26}]
[null,"2.2","PIS",0.65,{"$f":"ROUND(D15*1.2515,2)","v":0.81}]
[null,"2.3","Cofins",3,{"$f":"ROUND(D16*1.2515,2)","v":3.75}]
[null,"2.4","CONTRIBUIÇÃO PREVIDENCIÁRIA SOBRE A RENDA BRUTA",0,{"$f":"ROUND(D17*1.2515,2)","v":0}]
[]
[null,3,"TAXA DE RISCO"," ",{"$f":"SUM(E20:E23)","v":0.86999999999999988},null,null," "]
[null,"3.1","SEGURO",null,0.28999999999999998]
[null,"3.2","RISCO",null,0.28999999999999998]
[null,"3.3","GARANTIA",null,0.28999999999999998]
[]
[null,4,"DESPESAS FINANCEIRAS"," ",0.97499999999999998,null,null," "]
[]
[null,5,"LUCRO",null,6]
[]
[null," ","BDI - CALCULADO"," ",{"$f":"ROUND((((1+(E8+E19)/100)*(1+E24/100)*(1+E26/100)/(1-D13/100)-1)*100),2)","v":27.56}]
[]
[{"$nulls":6}," "]
[null,"BDI = ((1+((AC+S+R+G)/100))x(1+DF/100)x(1+L/100)/(1-I/100)-1)*100"]
[]
[null,"BDI (CALCULADO):",null,{"$f":"ROUND((((1+((E8+E19)/100))*(1+E24/100)*(1+E26/100))/(1-D13/100)-1)*100,2)","v":27.56}]
[null," "]
[null,"Para o preenchimento da proposta deve-se utilizar o valor de ISS da Prefeitura Local."]
[]
[null,"BDI EM CONFORMIDADE COM OS ACÓRDÃOS Nº 2369/2011 e ACÓRDÃO Nº 2.622/2013 - TCU - PLENÁRIO"]
[]
[]
[null,"DETALHAMENTO DO BDI - FORNECIMENTO"]
[{"$nulls":6}," "]
[{"$nulls":6}," "]
[]
[null,"Item","Descrição dos Serviços","%","%"]
[null,null,null,"PV","CD"]
[]
[null,1,"ADMINISTRAÇÃO CENTRAL"," ",5]
[null,"1.1","ESCRITÓRIO CENTRAL"," "," "]
[null,"1.2","VIAGENS"," "," "]
[null,"1.3","OUTROS"," "," "]
[null," "," "," "," "]
[null,2,"IMPOSTOS E TAXAS",{"$f":"SUM(D53:D55)","v":3.65},{"$f":"SUM(E53:E56)","v":4.3100000000000005}]
[null,"2.1","ISS",0,0]
[null,"2.2","PIS",0.65,{"$f":"ROUND(D54*1.18,2)","v":0.77}]
[null,"2.3","Cofins",3,{"$f":"ROUND(D55*1.18,2)","v":3.54}]
[null,"2.4","CONTRIBUIÇÃO PREVIDENCIÁRIA SOBRE A RENDA BRUTA",0,{"$f":"ROUND(D56*1.18,2)","v":0}]
[]
[null,3,"TAXA DE RISCO"," ",{"$f":"SUM(E59:E62)","v":0.67}]
[null,"3.1","SEGURO",null,0.2]
[null,"3.2","RISCO",null,0.21]
[null,"3.3","GARANTIA",null,0.26]
[]
[null,4,"DESPESAS FINANCEIRAS"," ",0.55000000000000004]
[]
[null,5,"LUCRO",null,6]
[]
[null," ","BDI - CALCULADO"," ",{"$f":"ROUND((((1+(E47+E58)/100)*(1+E63/100)*(1+E65/100)/(1-D52/100)-1)*100),2)","v":16.89}]
[]
[{"$nulls":6}," "]
[null,"BDI = ((1+((AC+S+R+G)/100))x(1+DF/100)x(1+L/100)/(1-I/100)-1)*100"]
[]
[null,"BDI (CALCULADO):",null,{"$f":"ROUND((((1+((E47+E58)/100))*(1+E63/100)*(1+E65/100))/(1-D52/100)-1)*100,2)","v":16.89}]
[null," "]
[null,"Para o preenchimento da proposta deve-se utilizar o valor de ISS da Prefeitura Local."]
[]
[null,"BDI EM CONFORMIDADE COM OS ACÓRDÃOS Nº 2369/2011 e ACÓRDÃO Nº 2.622/2013 - TCU - PLENÁRIO"]

{"sheet":"BDI-Fornecimento","index":10,"n_rows":38,"n_cols":9,"rows_kept":38,"cut":false,"hidden":false,"merged":[[37,1,37,5],[33,1,33,2],[35,1,35,6],[1,1,1,4],[34,1,34,2],[5,1,6,1],[5,2,6,2]]}
[]
[null,"DETALHAMENTO DO BDI - FORNECIMENTO"]
[{"$nulls":6}," ",null," "]
[{"$nulls":6}," "]
[{"$nulls":8}," "]
[null,"Item","Descrição dos Serviços","%","%",null,null," "]
[null,null,null,"PV","CD"]
[]
[null,1,"ADMINISTRAÇÃO CENTRAL"," ",5,null,null," "]
[null,"1.1","ESCRITÓRIO CENTRAL"," "," "]
[null,"1.2","VIAGENS"," "," "]
[null,"1.3","OUTROS"," "," "]
[null," "," "," "," "]
[null,2,"IMPOSTOS E TAXAS",{"$f":"SUM(D15:D17)","v":3.65},{"$f":"SUM(E15:E18)","v":4.3100000000000005}]
[null,"2.1","ISS",0,0]
[null,"2.2","PIS",0.65,{"$f":"ROUND(D16*1.18,2)","v":0.77}]
[null,"2.3","Cofins",3,{"$f":"ROUND(D17*1.18,2)","v":3.54}]
[null,"2.4","CONTRIBUIÇÃO PREVIDENCIÁRIA SOBRE A RENDA BRUTA",0,{"$f":"ROUND(D18*1.18,2)","v":0}]
[]
[null,3,"TAXA DE RISCO"," ",{"$f":"SUM(E21:E24)","v":0.67},null,null," "]
[null,"3.1","SEGURO",null,0.2]
[null,"3.2","RISCO",null,0.21]
[null,"3.3","GARANTIA",null,0.26]
[]
[null,4,"DESPESAS FINANCEIRAS"," ",0.55000000000000004,null,null," "]
[]
[null,5,"LUCRO",null,6]
[]
[null," ","BDI - CALCULADO"," ",{"$f":"ROUND((((1+(E9+E20)/100)*(1+E25/100)*(1+E27/100)/(1-D14/100)-1)*100),2)","v":16.89}]
[]
[{"$nulls":6}," "]
[null,"BDI = ((1+((AC+S+R+G)/100))x(1+DF/100)x(1+L/100)/(1-I/100)-1)*100"]
[]
[null,"BDI (CALCULADO):",null,{"$f":"ROUND((((1+((E9+E20)/100))*(1+E25/100)*(1+E27/100))/(1-D14/100)-1)*100,2)","v":16.89}]
[null," "]
[null,"Para o preenchimento da proposta deve-se utilizar o valor de ISS da Prefeitura Local."]
[]
[null,"BDI EM CONFORMIDADE COM OS ACÓRDÃOS Nº 2369/2011 e ACÓRDÃO Nº 2.622/2013 - TCU - PLENÁRIO"]